{"text_format":"1","workbook":"xlsx","n_sheets":3,"sheets":["Data","Data Summary","Model"],"not_rendered":{"charts":1,"images":0,"macros":1,"external_links":0,"defined_names":4,"comments":0,"pivot_tables":1},"unopened":[],"bounds":{"document_bytes":16777216,"sheet_cells":100000,"rows_first":2000,"rows_last":500,"rows_between":2000,"halvings":0,"cell_chars":16384,"cell_head_chars":4096},"cells_cut":0,"cells_raw":0,"read":"whole","date_system":"1900"}

{"sheet":"Data","index":0,"n_rows":1574,"n_cols":27,"rows_kept":1574,"cut":false,"hidden":false,"merged":[]}
["Shop Date","Check in Date","Check in Day of Week","Length of Stay","Number of Rooms","Your Priceline Rate*","Offer Price","Declined Revenue","Reason**","Booked by Others","Posted Rate","Discount","DBA"]
["2007-08-31","2007-08-31","Fri",1,1,120,102,102,"HI","Y",254,{"$f":"G2/K2","v":0.40157480314960631},{"$f":"B2-A2","v":0},null,null,null,null,null,null,null,null,null,null,null,null,null,{"$f":"MIN(B:B)","v":39325}]
["2007-09-01","2007-09-01","Sat",1,1,120,106,106,"HI","Y",254,{"$f":"G3/K3","v":0.41732283464566927},0,null,null,null,null,null,null,null,null,null,null,null,null,null,{"$f":"MAX(B:B)","v":39632}]
["2007-09-02","2007-09-02","Sun",1,1,117,103,103,"HI","Y",254,0.40551181102362205,0]
["2007-09-02","2007-09-02","Sun",1,1,117,100,100,"HI",null,254,0.39370078740157483,0]
["2007-09-03","2007-09-03","Mon",2,1,118,107,214,"HI","Y",254,0.42125984251968501,0]
["2007-09-04","2007-09-04","Tue",2,1,120,99,198,"HI",null,254,0.38976377952755903,0]
["2007-09-05","2007-09-05","Wed",1,1,308,103,103,"HI","Y",308,0.33441558441558439,0]
["2007-09-07","2007-09-07","Fri",2,1,120,103,206,"HI","Y",254,0.40551181102362205,0]
["2007-09-07","2007-09-07","Fri",2,1,120,103,206,"HI","Y",254,0.40551181102362205,0]
["2007-09-07","2007-09-07","Fri",2,1,120,100,200,"HI",null,254,0.39370078740157483,0]
["2007-09-07","2007-09-07","Fri",1,1,120,103,103,"HI","Y",254,0.40551181102362205,0]
["2007-09-07","2007-09-07","Fri",1,1,120,103,103,"HI","Y",254,0.40551181102362205,0]
["2007-09-07","2007-09-07","Fri",2,1,120,101,202,"HI","Y",254,0.39763779527559057,0]
["2007-09-07","2007-09-07","Fri",1,1,120,99,99,"HI",null,254,0.38976377952755903,0]
["2007-09-07","2007-09-07","Fri",4,1,120,99,396,"HI",null,254,0.38976377952755903,0]
["2007-09-07","2007-09-07","Fri",4,1,120,99,396,"HI",null,254,0.38976377952755903,0]
["2007-09-07","2007-09-07","Fri",1,1,120,99,99,"HI",null,254,0.38976377952755903,0]
["2007-09-07","2007-09-07","Fri",7,1,253,99,693,"HI",null,254,0.38976377952755903,0]
["2007-09-08","2007-09-08","Sat",1,1,411,103,103,"HI","Y",411,0.25060827250608275,0]
["2007-09-08","2007-09-08","Sat",1,1,411,98,98,"HI","Y",411,0.23844282238442821,0]
["2007-09-09","2007-09-09","Sun",5,1,284,116,580,"HI","Y",284,0.40845070422535212,0]
["2007-09-09","2007-09-09","Sun",9,1,371,116,1044,"HI",null,371,0.31266846361185985,0]
["2007-09-09","2007-09-09","Sun",3,1,284,112,336,"HI",null,284,0.39436619718309857,0]
["2007-09-09","2007-09-09","Sun",1,1,120,107,107,"HI",null,254,0.42125984251968501,0]
["2007-09-10","2007-09-10","Mon",2,1,190,129,258,"HI",null,254,0.50787401574803148,0]
["2007-09-10","2007-09-10","Mon",2,1,190,125,250,"HI",null,254,0.49212598425196852,0]
["2007-09-10","2007-09-10","Mon",2,1,190,121,242,"HI",null,254,0.4763779527559055,0]
["2007-09-10","2007-09-10","Mon",2,1,198,116,232,"HI","Y",254,0.45669291338582679,0]
["2007-09-10","2007-09-10","Mon",1,1,120,107,107,"HI","Y",254,0.42125984251968501,0]
["2007-09-10","2007-09-10","Mon",1,1,120,100,100,"HI",null,254,0.39370078740157483,0]
["2007-09-11","2007-09-11","Tue",1,1,250,120,120,"HI","Y",254,0.47244094488188976,0]
["2007-09-11","2007-09-11","Tue",2,1,198,109,218,"HI","Y",254,0.42913385826771655,0]
["2007-09-11","2007-09-11","Tue",1,1,236,107,107,"HI","Y",254,0.42125984251968501,0]
["2007-09-11","2007-09-11","Tue",1,1,250,107,107,"HI",null,254,0.42125984251968501,0]
["2007-09-12","2007-09-12","Wed",1,1,145,122,122,"HI","Y",254,0.48031496062992124,0]
["2007-09-12","2007-09-12","Wed",1,1,145,116,116,"HI",null,254,0.45669291338582679,0]
["2007-09-12","2007-09-12","Wed",1,1,145,112,112,"HI","Y",254,0.44094488188976377,0]
["2007-09-12","2007-09-12","Wed",1,1,145,112,112,"HI",null,254,0.44094488188976377,0]
["2007-09-12","2007-09-12","Wed",1,1,145,107,107,"HI",null,254,0.42125984251968501,0]
["2007-09-12","2007-09-12","Wed",1,1,145,103,103,"HI","Y",254,0.40551181102362205,0]
["2007-09-13","2007-09-13","Thu",1,1,121,103,103,"HI",null,254,0.40551181102362205,0]
["2007-09-13","2007-09-13","Thu",1,1,121,103,103,"HI",null,254,0.40551181102362205,0]
["2007-09-14","2007-09-14","Fri",1,2,165,122,122,"HI","Y",254,0.48031496062992124,0]
["2007-09-14","2007-09-14","Fri",1,1,197,107,107,"HI","Y",254,0.42125984251968501,0]
["2007-09-14","2007-09-14","Fri",3,1,120,105,315,"HI","Y",254,0.41338582677165353,0]
["2007-09-14","2007-09-14","Fri",1,1,165,99,99,"HI","Y",254,0.38976377952755903,0]
["2007-09-18","2007-09-18","Tue",1,1,"",151,151,"NR",null,254,0.59448818897637801,0]
["2007-09-18","2007-09-18","Tue",1,1,"",129,129,"NR",null,254,0.50787401574803148,0]
["2007-09-18","2007-09-18","Tue",3,1,"",127,381,"NR",null,254,0.5,0]
["2007-09-18","2007-09-18","Tue",3,1,"",124,372,"NR",null,254,0.48818897637795278,0]
["2007-09-18","2007-09-18","Tue",3,1,"",123,369,"NR",null,254,0.48425196850393698,0]
["2007-09-15","2007-09-15","Sat",3,1,"",162,486,"NR",null,254,0.63779527559055116,0]
["2007-09-15","2007-09-15","Sat",1,1,280,103,103,"HI",null,280,0.36785714285714288,0]
["2007-09-15","2007-09-15","Sat",1,1,197,99,99,"HI","Y",254,0.38976377952755903,0]
["2007-09-16","2007-09-16","Sun",5,2,"",143,715,"NR",null,254,0.56299212598425197,0]
["2007-09-16","2007-09-16","Sun",5,2,"",134,670,"NR",null,254,0.52755905511811019,0]
["2007-09-16","2007-09-16","Sun",2,1,"",134,268,"NR",null,254,0.52755905511811019,0]
["2007-09-16","2007-09-16","Sun",3,1,"",125,375,"NR",null,254,0.49212598425196852,0]
["2007-09-16","2007-09-16","Sun",5,2,"",116,580,"NR",null,254,0.45669291338582679,0]
["2007-09-16","2007-09-16","Sun",1,1,254,115,115,"HI","Y",254,0.452755905511811,0]
["2007-09-16","2007-09-16","Sun",1,3,254,99,99,"HI","Y",254,0.38976377952755903,0]
["2007-09-16","2007-09-16","Sun",1,1,254,99,99,"HI","Y",254,0.38976377952755903,0]
["2007-09-17","2007-09-17","Mon",1,1,"",270,270,"NR","Y",291.5,0.92624356775300176,0]
["2007-09-17","2007-09-17","Mon",1,1,"",253,253,"NR",null,272.8,0.92741935483870963,0]
["2007-09-17","2007-09-17","Mon",1,1,"",231,231,"NR",null,254,0.90944881889763785,{"$f":"B66-A66","v":0}]
["2007-09-17","2007-09-17","Mon",1,1,"",209,209,"NR",null,254,{"$f":"G67/K67","v":0.82283464566929132},0]
["2007-09-17","2007-09-17","Mon",2,1,"",191,382,"NR",null,254,0.75196850393700787,0]
["2007-09-17","2007-09-17","Mon",1,1,"",187,187,"NR",null,254,0.73622047244094491,0]
["2007-09-17","2007-09-17","Mon",1,1,"",182,182,"NR",null,254,0.71653543307086609,0]
["2007-09-17","2007-09-17","Mon",1,1,"",181,181,"NR",null,254,0.71259842519685035,0]
["2007-09-17","2007-09-17","Mon",1,1,"",151,151,"NR",null,254,0.59448818897637801,0]
["2007-09-17","2007-09-17","Mon",4,1,"",151,604,"NR",null,254,0.59448818897637801,0]
["2007-09-17","2007-09-17","Mon",1,1,"",149,149,"NR",null,254,0.58661417322834641,0]
["2007-09-17","2007-09-17","Mon",3,1,"",145,435,"NR",null,254,0.57086614173228345,0]
["2007-09-17","2007-09-17","Mon",1,1,"",144,144,"NR","Y",254,0.56692913385826771,0]
["2007-09-17","2007-09-17","Mon",4,1,"",143,572,"NR",null,254,0.56299212598425197,0]
["2007-09-17","2007-09-17","Mon",1,1,"",143,143,"NR",null,254,0.56299212598425197,0]
["2007-09-17","2007-09-17","Mon",1,1,"",143,143,"NR",null,254,0.56299212598425197,0]
["2007-09-17","2007-09-17","Mon",3,1,"",143,429,"NR",null,254,0.56299212598425197,0]
["2007-09-17","2007-09-17","Mon",1,1,"",134,134,"NR",null,254,0.52755905511811019,0]
["2007-09-17","2007-09-17","Mon",1,1,"",134,134,"NR",null,254,0.52755905511811019,0]
["2007-09-17","2007-09-17","Mon",3,1,"",130,390,"NR",null,254,0.51181102362204722,0]
["2007-09-17","2007-09-17","Mon",2,1,"",129,258,"NR",null,254,0.50787401574803148,0]
["2007-09-17","2007-09-17","Mon",1,1,"",125,125,"NR","Y",254,0.49212598425196852,0]
["2007-09-17","2007-09-17","Mon",1,1,"",122,122,"NR",null,254,0.48031496062992124,0]
["2007-09-17","2007-09-17","Mon",2,1,"",122,244,"NR","Y",254,0.48031496062992124,0]
["2007-09-17","2007-09-17","Mon",1,1,"",116,116,"NR",null,254,0.45669291338582679,0]
["2007-09-17","2007-09-17","Mon",1,1,"",112,112,"NR",null,254,0.44094488188976377,0]
["2007-09-17","2007-09-17","Mon",2,1,"",112,224,"NR",null,254,0.44094488188976377,0]
["2007-09-17","2007-09-17","Mon",1,1,"",112,112,"NR",null,254,0.44094488188976377,0]
["2007-09-17","2007-09-17","Mon",1,1,"",107,107,"NR",null,254,0.42125984251968501,0]
["2007-09-17","2007-09-17","Mon",1,1,"",107,107,"NR",null,254,0.42125984251968501,0]
["2007-09-17","2007-09-17","Mon",1,1,"",103,103,"NR",null,254,0.40551181102362205,0]
["2007-09-17","2007-09-17","Mon",1,1,"",103,103,"NR",null,254,0.40551181102362205,0]
["2007-09-17","2007-09-17","Mon",1,1,"",96,96,"NR",null,254,0.37795275590551181,0]
["2007-09-18","2007-09-18","Tue",1,1,"",244,244,"NR",null,262.89999999999998,0.92810954735640938,0]
["2007-09-18","2007-09-18","Tue",1,1,"",239,239,"NR",null,257.39999999999998,0.92851592851592857,0]
["2007-09-18","2007-09-18","Tue",1,1,"",217,217,"NR",null,254,0.85433070866141736,0]
["2007-09-18","2007-09-18","Tue",1,1,"",209,209,"NR",null,254,0.82283464566929132,0]
["2007-09-18","2007-09-18","Tue",1,1,"",204,204,"NR",null,254,0.80314960629921262,0]
["2007-09-18","2007-09-18","Tue",1,2,"",204,204,"NR",null,254,0.80314960629921262,0]
["2007-09-18","2007-09-18","Tue",1,1,387,195,195,"HI",null,387,0.50387596899224807,0]
["2007-09-18","2007-09-18","Tue",1,1,"",187,187,"NR",null,254,0.73622047244094491,0]
["2007-09-18","2007-09-18","Tue",1,1,387,187,187,"HI",null,387,0.48320413436692505,0]
["2007-09-18","2007-09-18","Tue",1,1,"",173,173,"NR",null,254,0.68110236220472442,0]
["2007-09-18","2007-09-18","Tue",1,1,"",165,165,"NR",null,254,0.64960629921259838,0]
["2007-09-18","2007-09-18","Tue",2,1,363,165,330,"HI",null,363,0.45454545454545453,0]
["2007-09-18","2007-09-18","Tue",2,1,331,165,330,"HI",null,331,0.49848942598187312,0]
["2007-09-18","2007-09-18","Tue",2,1,331,156,312,"HI",null,331,0.47129909365558914,0]
["2007-09-18","2007-09-18","Tue",2,1,331,151,302,"HI",null,331,0.45619335347432022,0]
["2007-09-18","2007-09-18","Tue",2,1,331,143,286,"HI",null,331,0.43202416918429004,0]
["2007-09-18","2007-09-18","Tue",1,1,"",134,134,"NR",null,254,0.52755905511811019,0]
["2007-09-18","2007-09-18","Tue",2,1,331,134,268,"HI",null,331,0.40483383685800606,0]
["2007-09-18","2007-09-18","Tue",3,1,331,129,387,"HI",null,331,0.38972809667673713,0]
["2007-09-18","2007-09-18","Tue",1,1,387,126,126,"HI",null,387,0.32558139534883723,0]
["2007-09-18","2007-09-18","Tue",1,1,"",116,116,"NR",null,254,0.45669291338582679,0]
["2007-09-18","2007-09-18","Tue",1,1,"",112,112,"NR",null,254,0.44094488188976377,0]
["2007-09-18","2007-09-18","Tue",1,1,"",107,107,"NR",null,254,0.42125984251968501,0]
["2007-09-19","2007-09-19","Wed",2,1,144,128,256,"HI","Y",254,0.50393700787401574,0]
["2007-09-19","2007-09-19","Wed",1,1,308,116,116,"HI",null,308,0.37662337662337664,0]
["2007-09-19","2007-09-19","Wed",1,1,308,107,107,"HI",null,308,0.34740259740259738,0]
["2007-09-19","2007-09-19","Wed",1,1,308,103,103,"HI",null,308,0.33441558441558439,0]
["2007-09-19","2007-09-19","Wed",1,1,308,103,103,"HI",null,308,0.33441558441558439,0]
["2007-09-20","2007-09-20","Thu",1,1,134,104,104,"HI",null,254,0.40944881889763779,0]
["2007-09-21","2007-09-21","Fri",2,1,120,98,196,"HI","Y",254,0.38582677165354329,0]
["2007-09-21","2007-09-21","Fri",2,1,120,95,190,"HI",null,254,0.37401574803149606,0]
["2007-09-22","2007-09-22","Sat",1,1,134,107,107,"HI","Y",254,0.42125984251968501,0]
["2007-09-22","2007-09-22","Sat",1,1,134,103,103,"HI","Y",254,0.40551181102362205,0]
["2007-09-22","2007-09-22","Sat",1,1,134,99,99,"HI","Y",254,0.38976377952755903,{"$f":"B130-A130","v":0}]
["2007-09-24","2007-09-24","Mon",4,2,256,182,728,"HI","Y",256,{"$f":"G131/K131","v":0.7109375},0]
["2007-09-24","2007-09-24","Mon",3,1,280,132,396,"HI",null,280,0.47142857142857142,0]
["2007-09-24","2007-09-24","Mon",3,1,331,121,363,"HI",null,331,0.36555891238670696,0]
["2007-09-24","2007-09-24","Mon",2,1,194,121,242,"HI","Y",254,0.4763779527559055,0]
["2007-09-24","2007-09-24","Mon",2,1,194,121,242,"HI","Y",254,0.4763779527559055,0]
["2007-09-24","2007-09-24","Mon",1,1,134,112,112,"HI","Y",254,0.44094488188976377,0]
["2007-09-25","2007-09-25","Tue",1,1,363,143,143,"HI",null,363,0.39393939393939392,0]
["2007-09-25","2007-09-25","Tue",3,1,"",121,363,"NR",null,254,0.4763779527559055,0]
["2007-09-25","2007-09-25","Tue",2,1,"",121,242,"NR",null,254,0.4763779527559055,0]
["2007-09-25","2007-09-25","Tue",1,1,363,112,112,"HI",null,363,0.30853994490358128,0]
["2007-09-25","2007-09-25","Tue",1,1,363,112,112,"HI",null,363,0.30853994490358128,0]
["2007-09-25","2007-09-25","Tue",2,1,"",107,214,"NR",null,254,0.42125984251968501,0]
["2007-09-25","2007-09-25","Tue",2,1,"",107,214,"NR",null,254,0.42125984251968501,0]
["2007-09-25","2007-09-25","Tue",2,1,"",103,206,"NR","Y",254,0.40551181102362205,0]
["2007-09-25","2007-09-25","Tue",1,1,363,100,100,"HI",null,363,0.27548209366391185,0]
["2007-09-25","2007-09-25","Tue",1,1,363,100,100,"HI",null,363,0.27548209366391185,0]
["2007-09-25","2007-09-25","Tue",1,1,284,99,99,"HI",null,284,0.34859154929577463,0]
["2007-09-25","2007-09-25","Tue",1,1,284,99,99,"HI",null,284,0.34859154929577463,0]
["2007-09-28","2007-09-28","Fri",2,1,387,116,232,"HI","Y",387,0.29974160206718348,0]
["2007-09-28","2007-09-28","Fri",1,1,363,104,104,"HI","Y",363,0.28650137741046833,0]
["2007-09-28","2007-09-28","Fri",1,1,363,103,103,"HI",null,363,0.28374655647382918,0]
["2007-09-26","2007-09-26","Wed",1,1,"",212,212,"NR",null,254,0.83464566929133854,0]
["2007-09-26","2007-09-26","Wed",1,1,256,187,187,"HI",null,256,0.73046875,0]
["2007-09-26","2007-09-26","Wed",1,1,269,169,169,"HI",null,269,0.62825278810408924,0]
["2007-09-26","2007-09-26","Wed",1,1,244,162,162,"HI","Y",254,0.63779527559055116,0]
["2007-09-26","2007-09-26","Wed",1,1,"",160,160,"NR",null,254,0.62992125984251968,0]
["2007-09-26","2007-09-26","Wed",1,1,256,160,160,"HI",null,256,0.625,0]
["2007-09-26","2007-09-26","Wed",1,1,254,156,156,"HI",null,254,0.61417322834645671,0]
["2007-09-26","2007-09-26","Wed",1,1,"",143,143,"NR",null,254,0.56299212598425197,0]
["2007-09-26","2007-09-26","Wed",1,1,244,143,143,"HI",null,254,0.56299212598425197,0]
["2007-09-26","2007-09-26","Wed",1,1,254,138,138,"HI",null,254,0.54330708661417326,0]
["2007-09-26","2007-09-26","Wed",1,1,308,129,129,"HI",null,308,0.41883116883116883,0]
["2007-09-26","2007-09-26","Wed",1,1,244,125,125,"HI",null,254,0.49212598425196852,0]
["2007-09-26","2007-09-26","Wed",1,1,"",125,125,"NR",null,254,0.49212598425196852,0]
["2007-09-26","2007-09-26","Wed",1,1,244,125,125,"HI",null,254,0.49212598425196852,0]
["2007-09-26","2007-09-26","Wed",1,1,256,121,121,"HI",null,256,0.47265625,0]
["2007-09-26","2007-09-26","Wed",1,1,308,121,121,"HI",null,308,0.39285714285714285,0]
["2007-09-26","2007-09-26","Wed",2,1,"",120,240,"NR",null,254,0.47244094488188976,0]
["2007-09-26","2007-09-26","Wed",2,1,254,112,224,"HI",null,254,0.44094488188976377,0]
["2007-09-26","2007-09-26","Wed",2,1,254,112,224,"HI",null,254,0.44094488188976377,0]
["2007-09-26","2007-09-26","Wed",1,1,363,112,112,"HI","Y",363,0.30853994490358128,0]
["2007-09-26","2007-09-26","Wed",3,1,214,112,336,"HI",null,254,0.44094488188976377,0]
["2007-09-26","2007-09-26","Wed",1,1,256,112,112,"HI",null,256,0.4375,0]
["2007-09-26","2007-09-26","Wed",1,1,244,112,112,"HI",null,254,0.44094488188976377,0]
["2007-09-26","2007-09-26","Wed",1,1,244,107,107,"HI",null,254,0.42125984251968501,0]
["2007-09-26","2007-09-26","Wed",1,1,"",107,107,"NR",null,254,0.42125984251968501,0]
["2007-09-27","2007-09-27","Thu",1,1,254,143,143,"HI",null,254,0.56299212598425197,0]
["2007-09-27","2007-09-27","Thu",1,1,254,143,143,"HI",null,254,0.56299212598425197,0]
["2007-09-27","2007-09-27","Thu",1,1,254,143,143,"HI","Y",254,0.56299212598425197,0]
["2007-09-27","2007-09-27","Thu",1,1,254,134,134,"HI",null,254,0.52755905511811019,0]
["2007-09-27","2007-09-27","Thu",1,1,143,127,127,"HI","Y",254,0.5,0]
["2007-09-27","2007-09-27","Thu",1,1,143,121,121,"HI","Y",254,0.4763779527559055,0]
["2007-09-27","2007-09-27","Thu",1,1,254,116,116,"HI",null,254,0.45669291338582679,0]
["2007-09-27","2007-09-27","Thu",1,1,143,103,103,"HI",null,254,0.40551181102362205,0]
["2007-09-28","2007-09-28","Fri",1,1,134,127,127,"HI","Y",254,0.5,0]
["2007-09-28","2007-09-28","Fri",2,1,134,104,208,"HI",null,254,0.40944881889763779,0]
["2007-09-28","2007-09-28","Fri",2,1,134,99,198,"HI",null,254,0.38976377952755903,0]
["2007-09-29","2007-09-29","Sat",1,1,"",107,107,"NR","Y",254,0.42125984251968501,0]
["2007-09-29","2007-09-29","Sat",1,1,"",98,98,"NR","Y",254,0.38582677165354329,0]
["2007-08-31","2007-09-01","Sat",1,1,150,103,103,"HI","Y",254,0.40551181102362205,1]
["2007-08-31","2007-09-01","Sat",2,1,157,99,198,"HI","Y",254,0.38976377952755903,1]
["2007-08-31","2007-09-01","Sat",1,1,120,99,99,"HI","Y",254,0.38976377952755903,1]
["2007-08-31","2007-09-01","Sat",1,1,150,99,99,"HI","Y",254,0.38976377952755903,1]
["2007-08-31","2007-09-01","Sat",1,1,150,95,95,"HI",null,254,0.37401574803149606,{"$f":"B194-A194","v":1}]
["2007-09-01","2007-09-02","Sun",1,1,117,99,99,"HI",null,254,{"$f":"G195/K195","v":0.38976377952755903},1]
["2007-09-04","2007-09-05","Wed",3,1,308,109,327,"HI",null,308,0.35389610389610388,1]
["2007-09-04","2007-09-05","Wed",3,1,250,104,312,"HI","Y",254,0.40944881889763779,1]
["2007-09-05","2007-09-06","Thu",7,1,284,112,784,"HI",null,284,0.39436619718309857,1]
["2007-09-05","2007-09-06","Thu",2,1,120,109,218,"HI",null,254,0.42913385826771655,1]
["2007-09-05","2007-09-06","Thu",3,1,120,106,318,"HI",null,254,0.41732283464566927,1]
["2007-09-05","2007-09-06","Thu",1,1,120,103,103,"HI",null,254,0.40551181102362205,1]
["2007-09-05","2007-09-06","Thu",2,1,120,99,198,"HI",null,254,0.38976377952755903,1]
["2007-09-07","2007-09-08","Sat",1,1,120,101,101,"HI",null,254,0.39763779527559057,1]
["2007-09-07","2007-09-08","Sat",1,1,120,103,103,"HI","Y",254,0.40551181102362205,1]
["2007-09-07","2007-09-08","Sat",2,1,120,103,206,"HI","Y",254,0.40551181102362205,1]
["2007-09-07","2007-09-08","Sat",1,1,120,99,99,"HI",null,254,0.38976377952755903,1]
["2007-09-07","2007-09-08","Sat",1,2,120,99,99,"HI",null,254,0.38976377952755903,1]
["2007-09-07","2007-09-08","Sat",2,1,120,95,190,"HI",null,254,0.37401574803149606,1]
["2007-09-08","2007-09-09","Sun",2,1,284,123,246,"HI","Y",284,0.43309859154929575,1]
["2007-09-08","2007-09-09","Sun",3,1,284,107,321,"HI",null,284,0.37676056338028169,1]
["2007-09-08","2007-09-09","Sun",2,1,284,107,214,"HI",null,284,0.37676056338028169,1]
["2007-09-08","2007-09-09","Sun",2,1,284,107,214,"HI",null,284,0.37676056338028169,1]
["2007-09-08","2007-09-09","Sun",9,1,371,107,963,"HI",null,371,0.2884097035040431,1]
["2007-09-09","2007-09-10","Mon",1,1,121,112,112,"HI",null,254,0.44094488188976377,1]
["2007-09-09","2007-09-10","Mon",3,1,212,112,336,"HI",null,254,0.44094488188976377,1]
["2007-09-09","2007-09-10","Mon",1,1,121,107,107,"HI",null,254,0.42125984251968501,1]
["2007-09-09","2007-09-10","Mon",2,1,190,103,206,"HI",null,254,0.40551181102362205,1]
["2007-09-10","2007-09-11","Tue",2,1,"",134,268,"NR","Y",254,0.52755905511811019,1]
["2007-09-11","2007-09-12","Wed",1,1,145,121,121,"HI","Y",254,0.4763779527559055,1]
["2007-09-11","2007-09-12","Wed",1,1,145,111,111,"HI",null,254,0.43700787401574803,1]
["2007-09-11","2007-09-12","Wed",2,1,133,107,214,"HI",null,254,0.42125984251968501,1]
["2007-09-11","2007-09-12","Wed",2,1,133,103,206,"HI",null,254,0.40551181102362205,1]
["2007-09-11","2007-09-12","Wed",1,1,145,99,99,"HI",null,254,0.38976377952755903,1]
["2007-09-11","2007-09-12","Wed",1,1,145,99,99,"HI",null,254,0.38976377952755903,1]
["2007-09-11","2007-09-12","Wed",2,1,133,99,198,"HI",null,254,0.38976377952755903,1]
["2007-09-12","2007-09-13","Thu",5,1,387,112,560,"HI",null,387,0.28940568475452194,1]
["2007-09-12","2007-09-13","Thu",2,1,186,108,216,"HI",null,254,0.42519685039370081,1]
["2007-09-13","2007-09-14","Fri",7,1,277,116,812,"HI",null,277,0.41877256317689532,1]
["2007-09-13","2007-09-14","Fri",7,1,377,116,812,"HI",null,377,0.30769230769230771,1]
["2007-09-13","2007-09-14","Fri",3,1,226,95,285,"HI",null,254,0.37401574803149606,1]
["2007-09-14","2007-09-15","Sat",5,2,"",134,670,"NR",null,254,0.52755905511811019,1]
["2007-09-14","2007-09-15","Sat",5,2,"",125,625,"NR",null,254,0.49212598425196852,1]
["2007-09-14","2007-09-15","Sat",1,1,236,104,104,"HI","Y",254,0.40944881889763779,1]
["2007-09-15","2007-09-16","Sun",4,1,"",250,1000,"NR","Y",269.5,0.92764378478664189,1]
["2007-09-15","2007-09-16","Sun",5,1,"",222,1110,"NR",null,254,0.87401574803149606,1]
["2007-09-15","2007-09-16","Sun",2,1,"",187,374,"NR",null,254,0.73622047244094491,1]
["2007-09-15","2007-09-16","Sun",2,1,"",143,286,"NR",null,254,0.56299212598425197,1]
["2007-09-15","2007-09-16","Sun",2,1,"",134,268,"NR",null,254,0.52755905511811019,1]
["2007-09-15","2007-09-16","Sun",2,1,"",134,268,"NR",null,254,0.52755905511811019,1]
["2007-09-15","2007-09-16","Sun",4,1,"",129,516,"NR",null,254,0.50787401574803148,1]
["2007-09-15","2007-09-16","Sun",2,1,"",122,244,"NR",null,254,0.48031496062992124,1]
["2007-09-15","2007-09-16","Sun",2,1,"",121,242,"NR",null,254,0.4763779527559055,1]
["2007-09-15","2007-09-16","Sun",5,1,"",107,535,"NR",null,254,0.42125984251968501,1]
["2007-09-16","2007-09-17","Mon",3,1,"",275,825,"NR",null,297,0.92592592592592593,1]
["2007-09-16","2007-09-17","Mon",3,1,"",275,825,"NR",null,297,0.92592592592592593,1]
["2007-09-16","2007-09-17","Mon",3,1,"",231,693,"NR",null,254,0.90944881889763785,1]
["2007-09-16","2007-09-17","Mon",2,1,"",231,462,"NR",null,254,0.90944881889763785,1]
["2007-09-16","2007-09-17","Mon",2,1,"",204,408,"NR",null,254,0.80314960629921262,1]
["2007-09-16","2007-09-17","Mon",1,1,"",195,195,"NR",null,254,0.76771653543307083,1]
["2007-09-16","2007-09-17","Mon",1,1,"",194,194,"NR",null,254,0.76377952755905509,1]
["2007-09-16","2007-09-17","Mon",1,1,"",187,187,"NR",null,254,0.73622047244094491,1]
["2007-09-16","2007-09-17","Mon",1,1,"",168,168,"NR",null,254,0.66141732283464572,1]
["2007-09-16","2007-09-17","Mon",2,1,"",160,320,"NR",null,254,0.62992125984251968,1]
["2007-09-16","2007-09-17","Mon",1,1,"",152,152,"NR",null,254,0.59842519685039375,1]
["2007-09-16","2007-09-17","Mon",2,1,"",151,302,"NR",null,254,0.59448818897637801,1]
["2007-09-16","2007-09-17","Mon",2,1,"",151,302,"NR",null,254,0.59448818897637801,1]
["2007-09-16","2007-09-17","Mon",2,1,"",143,286,"NR",null,254,0.56299212598425197,1]
["2007-09-16","2007-09-17","Mon",3,1,"",143,429,"NR",null,254,0.56299212598425197,{"$f":"B258-A258","v":1}]
["2007-09-16","2007-09-17","Mon",2,1,"",138,276,"NR",null,254,{"$f":"G259/K259","v":0.54330708661417326},1]
["2007-09-16","2007-09-17","Mon",1,1,"",134,134,"NR",null,254,0.52755905511811019,1]
["2007-09-16","2007-09-17","Mon",1,1,"",134,134,"NR",null,254,0.52755905511811019,1]
["2007-09-16","2007-09-17","Mon",2,1,"",134,268,"NR",null,254,0.52755905511811019,1]
["2007-09-16","2007-09-17","Mon",2,1,"",134,268,"NR",null,254,0.52755905511811019,1]
["2007-09-16","2007-09-17","Mon",2,1,"",129,258,"NR",null,254,0.50787401574803148,1]
["2007-09-16","2007-09-17","Mon",1,1,"",126,126,"NR",null,254,0.49606299212598426,1]
["2007-09-16","2007-09-17","Mon",2,1,"",125,250,"NR",null,254,0.49212598425196852,1]
["2007-09-16","2007-09-17","Mon",2,1,"",121,242,"NR",null,254,0.4763779527559055,1]
["2007-09-16","2007-09-17","Mon",2,1,"",121,242,"NR",null,254,0.4763779527559055,1]
["2007-09-16","2007-09-17","Mon",1,1,"",121,121,"NR",null,254,0.4763779527559055,1]
["2007-09-16","2007-09-17","Mon",4,1,"",116,464,"NR",null,254,0.45669291338582679,1]
["2007-09-16","2007-09-17","Mon",2,1,"",116,232,"NR",null,254,0.45669291338582679,1]
["2007-09-16","2007-09-17","Mon",4,1,"",116,464,"NR",null,254,0.45669291338582679,1]
["2007-09-16","2007-09-17","Mon",2,1,"",116,232,"NR",null,254,0.45669291338582679,1]
["2007-09-16","2007-09-17","Mon",1,1,"",116,116,"NR",null,254,0.45669291338582679,1]
["2007-09-16","2007-09-17","Mon",4,1,"",116,464,"NR",null,254,0.45669291338582679,1]
["2007-09-16","2007-09-17","Mon",4,1,"",116,464,"NR",null,254,0.45669291338582679,1]
["2007-09-16","2007-09-17","Mon",1,1,"",111,111,"NR",null,254,0.43700787401574803,1]
["2007-09-16","2007-09-17","Mon",4,1,"",107,428,"NR",null,254,0.42125984251968501,1]
["2007-09-16","2007-09-17","Mon",1,1,"",107,107,"NR",null,254,0.42125984251968501,1]
["2007-09-16","2007-09-17","Mon",1,1,"",103,103,"NR",null,254,0.40551181102362205,1]
["2007-09-17","2007-09-18","Tue",1,1,"",310,310,"NR",null,335.5,0.92399403874813713,1]
["2007-09-17","2007-09-18","Tue",2,1,"",231,462,"NR",null,254,0.90944881889763785,1]
["2007-09-17","2007-09-18","Tue",1,1,"",231,231,"NR",null,254,0.90944881889763785,1]
["2007-09-17","2007-09-18","Tue",1,1,"",231,231,"NR",null,254,0.90944881889763785,1]
["2007-09-17","2007-09-18","Tue",1,1,"",209,209,"NR",null,254,0.82283464566929132,1]
["2007-09-17","2007-09-18","Tue",1,1,"",200,200,"NR",null,254,0.78740157480314965,1]
["2007-09-17","2007-09-18","Tue",1,1,"",179,179,"NR",null,254,0.70472440944881887,1]
["2007-09-17","2007-09-18","Tue",2,1,"",175,350,"NR",null,254,0.6889763779527559,1]
["2007-09-17","2007-09-18","Tue",1,1,"",168,168,"NR",null,254,0.66141732283464572,1]
["2007-09-17","2007-09-18","Tue",2,1,363,165,330,"HI",null,363,0.45454545454545453,1]
["2007-09-17","2007-09-18","Tue",2,1,363,165,330,"HI",null,363,0.45454545454545453,1]
["2007-09-17","2007-09-18","Tue",1,1,"",165,165,"NR",null,254,0.64960629921259838,1]
["2007-09-17","2007-09-18","Tue",1,1,"",160,160,"NR",null,254,0.62992125984251968,1]
["2007-09-17","2007-09-18","Tue",1,1,"",159,159,"NR",null,254,0.62598425196850394,1]
["2007-09-17","2007-09-18","Tue",2,1,"",156,312,"NR",null,254,0.61417322834645671,1]
["2007-09-17","2007-09-18","Tue",1,1,"",156,156,"NR",null,254,0.61417322834645671,1]
["2007-09-17","2007-09-18","Tue",2,1,363,151,302,"HI",null,363,0.41597796143250687,1]
["2007-09-17","2007-09-18","Tue",1,1,"",147,147,"NR",null,254,0.57874015748031493,1]
["2007-09-17","2007-09-18","Tue",1,1,"",147,147,"NR",null,254,0.57874015748031493,1]
["2007-09-17","2007-09-18","Tue",2,1,363,143,286,"HI",null,363,0.39393939393939392,1]
["2007-09-17","2007-09-18","Tue",1,1,"",143,143,"NR",null,254,0.56299212598425197,1]
["2007-09-17","2007-09-18","Tue",1,1,"",134,134,"NR",null,254,0.52755905511811019,1]
["2007-09-17","2007-09-18","Tue",3,1,363,129,387,"HI",null,363,0.35537190082644626,1]
["2007-09-17","2007-09-18","Tue",2,1,"",129,258,"NR",null,254,0.50787401574803148,1]
["2007-09-17","2007-09-18","Tue",2,1,"",129,258,"NR",null,254,0.50787401574803148,1]
["2007-09-17","2007-09-18","Tue",1,1,"",121,121,"NR",null,254,0.4763779527559055,1]
["2007-09-17","2007-09-18","Tue",3,1,"",104,312,"NR",null,254,0.40944881889763779,1]
["2007-09-18","2007-09-19","Wed",1,1,308,187,187,"HI","Y",308,0.6071428571428571,1]
["2007-09-18","2007-09-19","Wed",1,1,308,134,134,"HI",null,308,0.43506493506493504,1]
["2007-09-18","2007-09-19","Wed",1,1,308,128,128,"HI",null,308,0.41558441558441561,1]
["2007-09-18","2007-09-19","Wed",4,1,254,117,468,"HI","Y",254,0.46062992125984253,1]
["2007-09-18","2007-09-19","Wed",1,1,308,103,103,"HI","Y",308,0.33441558441558439,1]
["2007-09-18","2007-09-19","Wed",1,1,308,99,99,"HI",null,308,0.32142857142857145,1]
["2007-09-19","2007-09-20","Thu",3,1,120,113,339,"HI","Y",254,0.44488188976377951,1]
["2007-09-20","2007-09-21","Fri",7,1,"",204,1428,"NR","Y",254,0.80314960629921262,1]
["2007-09-20","2007-09-21","Fri",1,1,134,107,107,"HI","Y",254,0.42125984251968501,1]
["2007-09-20","2007-09-21","Fri",1,1,134,107,107,"HI","Y",254,0.42125984251968501,1]
["2007-09-20","2007-09-21","Fri",3,1,120,107,321,"HI","Y",254,0.42125984251968501,1]
["2007-09-20","2007-09-21","Fri",3,1,120,103,309,"HI",null,254,0.40551181102362205,1]
["2007-09-20","2007-09-21","Fri",3,1,120,99,297,"HI",null,254,0.38976377952755903,1]
["2007-09-20","2007-09-21","Fri",2,1,120,98,196,"HI","Y",254,0.38582677165354329,1]
["2007-09-20","2007-09-21","Fri",1,1,134,98,98,"HI",null,254,0.38582677165354329,{"$f":"B322-A322","v":1}]
["2007-09-21","2007-09-22","Sat",6,1,"",106,636,"NR",null,254,{"$f":"G323/K323","v":0.41732283464566927},1]
["2007-09-21","2007-09-22","Sat",1,1,134,105,105,"HI","Y",254,0.41338582677165353,1]
["2007-09-21","2007-09-22","Sat",2,1,120,103,206,"HI","Y",254,0.40551181102362205,1]
["2007-09-21","2007-09-22","Sat",3,1,120,99,297,"HI",null,254,0.38976377952755903,1]
["2007-09-21","2007-09-22","Sat",1,1,134,99,99,"HI","Y",254,0.38976377952755903,1]
["2007-09-22","2007-09-23","Sun",3,1,256,121,363,"HI","Y",256,0.47265625,1]
["2007-09-22","2007-09-23","Sun",2,1,120,112,224,"HI",null,254,0.44094488188976377,1]
["2007-09-22","2007-09-23","Sun",5,2,"",143,715,"NR",null,254,0.56299212598425197,1]
["2007-09-22","2007-09-23","Sun",5,2,"",129,645,"NR",null,254,0.50787401574803148,1]
["2007-09-22","2007-09-23","Sun",1,1,134,106,106,"HI",null,254,0.41732283464566927,1]
["2007-09-22","2007-09-23","Sun",1,1,134,99,99,"HI","Y",254,0.38976377952755903,1]
["2007-09-24","2007-09-25","Tue",3,1,363,195,585,"HI","Y",363,0.53719008264462809,1]
["2007-09-24","2007-09-25","Tue",2,1,"",194,388,"NR",null,254,0.76377952755905509,1]
["2007-09-24","2007-09-25","Tue",3,1,450,187,561,"HI",null,450,0.41555555555555557,1]
["2007-09-24","2007-09-25","Tue",1,1,363,178,178,"HI","Y",363,0.4903581267217631,1]
["2007-09-24","2007-09-25","Tue",4,1,"",169,676,"NR",null,254,0.66535433070866146,1]
["2007-09-24","2007-09-25","Tue",3,1,363,143,429,"HI",null,363,0.39393939393939392,1]
["2007-09-24","2007-09-25","Tue",1,1,363,138,138,"HI",null,363,0.38016528925619836,1]
["2007-09-24","2007-09-25","Tue",2,1,"",134,268,"NR",null,254,0.52755905511811019,1]
["2007-09-24","2007-09-25","Tue",2,1,"",133,266,"NR",null,254,0.52362204724409445,1]
["2007-09-24","2007-09-25","Tue",1,1,363,121,121,"HI","Y",363,0.33333333333333331,1]
["2007-09-24","2007-09-25","Tue",4,1,"",121,484,"NR",null,254,0.4763779527559055,1]
["2007-09-24","2007-09-25","Tue",3,1,"",110,330,"NR",null,254,0.43307086614173229,1]
["2007-09-24","2007-09-25","Tue",1,1,363,107,107,"HI","Y",363,0.29476584022038566,1]
["2007-09-25","2007-09-26","Wed",1,1,"",253,253,"NR",null,272.8,0.92741935483870963,1]
["2007-09-25","2007-09-26","Wed",3,1,"",226,678,"NR","Y",254,0.88976377952755903,1]
["2007-09-25","2007-09-26","Wed",1,3,"",203,203,"NR",null,254,0.79921259842519687,1]
["2007-09-25","2007-09-26","Wed",1,1,"",187,187,"NR",null,254,0.73622047244094491,1]
["2007-09-25","2007-09-26","Wed",1,1,"",169,169,"NR",null,254,0.66535433070866146,1]
["2007-09-25","2007-09-26","Wed",1,1,"",149,149,"NR",null,254,0.58661417322834641,1]
["2007-09-25","2007-09-26","Wed",1,1,"",143,143,"NR",null,254,0.56299212598425197,1]
["2007-09-25","2007-09-26","Wed",2,1,"",142,284,"NR",null,254,0.55905511811023623,1]
["2007-09-25","2007-09-26","Wed",2,1,"",138,276,"NR",null,254,0.54330708661417326,1]
["2007-09-25","2007-09-26","Wed",1,1,"",134,134,"NR",null,254,0.52755905511811019,1]
["2007-09-25","2007-09-26","Wed",3,2,"",134,402,"NR",null,254,0.52755905511811019,1]
["2007-09-25","2007-09-26","Wed",3,2,"",121,363,"NR",null,254,0.4763779527559055,1]
["2007-09-25","2007-09-26","Wed",1,1,"",116,116,"NR",null,254,0.45669291338582679,1]
["2007-09-25","2007-09-26","Wed",3,2,"",116,348,"NR",null,254,0.45669291338582679,1]
["2007-09-25","2007-09-26","Wed",1,1,"",115,115,"NR",null,254,0.452755905511811,1]
["2007-09-25","2007-09-26","Wed",1,1,"",105,105,"NR",null,254,0.41338582677165353,1]
["2007-09-25","2007-09-26","Wed",2,1,"",99,198,"NR",null,254,0.38976377952755903,1]
["2007-09-28","2007-09-29","Sat",1,2,221,112,112,"HI",null,254,0.44094488188976377,1]
["2007-09-26","2007-09-27","Thu",2,1,331,149,298,"HI","Y",331,0.45015105740181272,1]
["2007-09-26","2007-09-27","Thu",1,1,254,143,143,"HI","Y",254,0.56299212598425197,1]
["2007-09-26","2007-09-27","Thu",1,1,254,143,143,"HI","Y",254,0.56299212598425197,1]
["2007-09-26","2007-09-27","Thu",1,1,254,143,143,"HI","Y",254,0.56299212598425197,1]
["2007-09-26","2007-09-27","Thu",1,1,254,125,125,"HI","Y",254,0.49212598425196852,1]
["2007-09-26","2007-09-27","Thu",1,1,254,125,125,"HI",null,254,0.49212598425196852,1]
["2007-09-26","2007-09-27","Thu",2,1,194,121,242,"HI",null,254,0.4763779527559055,1]
["2007-09-26","2007-09-27","Thu",1,1,254,121,121,"HI",null,254,0.4763779527559055,1]
["2007-09-26","2007-09-27","Thu",1,1,254,116,116,"HI",null,254,0.45669291338582679,1]
["2007-09-26","2007-09-27","Thu",3,2,269,112,336,"HI","Y",269,0.41635687732342008,1]
["2007-09-26","2007-09-27","Thu",1,1,254,107,107,"HI","Y",254,0.42125984251968501,1]
["2007-09-26","2007-09-27","Thu",2,1,194,107,214,"HI",null,254,0.42125984251968501,1]
["2007-09-26","2007-09-27","Thu",1,1,254,105,105,"HI","Y",254,0.41338582677165353,1]
["2007-09-26","2007-09-27","Thu",2,1,194,103,206,"HI",null,254,0.40551181102362205,1]
["2007-09-26","2007-09-27","Thu",1,1,254,100,100,"HI",null,254,0.39370078740157483,1]
["2007-09-26","2007-09-27","Thu",1,1,254,99,99,"HI",null,254,0.38976377952755903,1]
["2007-09-26","2007-09-27","Thu",1,1,254,99,99,"HI",null,254,0.38976377952755903,1]
["2007-09-27","2007-09-28","Fri",1,1,134,125,125,"HI","Y",254,0.49212598425196852,1]
["2007-09-27","2007-09-28","Fri",2,1,125,112,224,"HI","Y",254,0.44094488188976377,1]
["2007-09-27","2007-09-28","Fri",2,1,122,112,224,"HI",null,254,0.44094488188976377,1]
["2007-09-27","2007-09-28","Fri",2,1,128,107,214,"HI",null,254,0.42125984251968501,1]
["2007-09-27","2007-09-28","Fri",2,1,120,99,198,"HI",null,254,0.38976377952755903,{"$f":"B386-A386","v":1}]
["2007-09-28","2007-09-29","Sat",1,1,"",107,107,"NR",null,254,{"$f":"G387/K387","v":0.42125984251968501},1]
["2007-09-28","2007-09-29","Sat",1,1,145,107,107,"HI","Y",254,0.42125984251968501,1]
["2007-09-28","2007-09-29","Sat",1,1,145,106,106,"HI",null,254,0.41732283464566927,1]
["2007-09-28","2007-09-29","Sat",1,1,145,98,98,"HI",null,254,0.38582677165354329,1]
["2007-09-29","2007-09-30","Sun",1,1,130,103,103,"HI","Y",254,0.40551181102362205,1]
["2007-08-31","2007-09-02","Sun",1,1,117,99,99,"HI",null,254,0.38976377952755903,2]
["2007-08-31","2007-09-02","Sun",2,1,120,99,198,"HI",null,254,0.38976377952755903,2]
["2007-09-03","2007-09-05","Wed",3,1,250,100,300,"HI",null,254,0.39370078740157483,2]
["2007-09-04","2007-09-06","Thu",2,1,203,103,206,"HI",null,254,0.40551181102362205,2]
["2007-09-05","2007-09-07","Fri",4,1,120,108,432,"HI",null,254,0.42519685039370081,2]
["2007-09-05","2007-09-07","Fri",3,1,119,103,309,"HI","Y",254,0.40551181102362205,2]
["2007-09-05","2007-09-07","Fri",2,1,120,103,206,"HI","Y",254,0.40551181102362205,2]
["2007-09-05","2007-09-07","Fri",2,1,120,99,198,"HI",null,254,0.38976377952755903,2]
["2007-09-07","2007-09-09","Sun",9,1,255,107,963,"HI",null,255,0.41960784313725491,2]
["2007-09-07","2007-09-09","Sun",3,1,164,96,288,"HI",null,254,0.37795275590551181,2]
["2007-09-09","2007-09-11","Tue",5,1,331,116,580,"HI","Y",331,0.35045317220543809,2]
["2007-09-09","2007-09-11","Tue",3,1,304,99,297,"HI",null,304,0.32565789473684209,2]
["2007-09-10","2007-09-12","Wed",1,1,145,125,125,"HI","Y",254,0.49212598425196852,2]
["2007-09-10","2007-09-12","Wed",1,2,145,121,121,"HI","Y",254,0.4763779527559055,2]
["2007-09-10","2007-09-12","Wed",1,1,250,107,107,"HI","Y",254,0.42125984251968501,2]
["2007-09-10","2007-09-12","Wed",3,1,172,99,297,"HI",null,254,0.38976377952755903,2]
["2007-09-10","2007-09-12","Wed",2,1,133,99,198,"HI",null,254,0.38976377952755903,2]
["2007-09-11","2007-09-13","Thu",5,1,387,99,495,"HI",null,387,0.2558139534883721,2]
["2007-09-12","2007-09-14","Fri",1,1,197,103,103,"HI",null,254,0.40551181102362205,2]
["2007-09-13","2007-09-15","Sat",2,1,248,106,212,"HI","Y",254,0.41732283464566927,2]
["2007-09-14","2007-09-16","Sun",2,1,"",129,258,"NR",null,254,0.50787401574803148,2]
["2007-09-14","2007-09-16","Sun",5,1,"",107,535,"NR",null,254,0.42125984251968501,2]
["2007-09-14","2007-09-16","Sun",1,1,254,99,99,"HI",null,254,0.38976377952755903,2]
["2007-09-18","2007-09-20","Thu",4,1,120,98,392,"HI",null,254,0.38582677165354329,2]
["2007-09-15","2007-09-17","Mon",2,1,"",244,488,"NR",null,262.89999999999998,0.92810954735640938,2]
["2007-09-15","2007-09-17","Mon",1,1,"",231,231,"NR",null,254,0.90944881889763785,2]
["2007-09-15","2007-09-17","Mon",1,1,"",222,222,"NR",null,254,0.87401574803149606,2]
["2007-09-15","2007-09-17","Mon",1,1,"",209,209,"NR",null,254,0.82283464566929132,2]
["2007-09-15","2007-09-17","Mon",1,1,"",187,187,"NR",null,254,0.73622047244094491,2]
["2007-09-15","2007-09-17","Mon",1,1,"",187,187,"NR",null,254,0.73622047244094491,2]
["2007-09-15","2007-09-17","Mon",2,1,"",152,304,"NR",null,254,0.59842519685039375,2]
["2007-09-15","2007-09-17","Mon",1,1,"",143,143,"NR",null,254,0.56299212598425197,2]
["2007-09-15","2007-09-17","Mon",2,1,"",143,286,"NR",null,254,0.56299212598425197,2]
["2007-09-15","2007-09-17","Mon",1,1,"",143,143,"NR",null,254,0.56299212598425197,2]
["2007-09-15","2007-09-17","Mon",1,1,"",138,138,"NR",null,254,0.54330708661417326,2]
["2007-09-15","2007-09-17","Mon",3,1,"",138,414,"NR",null,254,0.54330708661417326,2]
["2007-09-15","2007-09-17","Mon",2,1,"",134,268,"NR",null,254,0.52755905511811019,2]
["2007-09-15","2007-09-17","Mon",1,1,"",132,132,"NR",null,254,0.51968503937007871,2]
["2007-09-15","2007-09-17","Mon",2,1,"",132,264,"NR",null,254,0.51968503937007871,2]
["2007-09-15","2007-09-17","Mon",2,1,"",125,250,"NR",null,254,0.49212598425196852,2]
["2007-09-16","2007-09-18","Tue",2,1,"",275,550,"NR",null,297,0.92592592592592593,2]
["2007-09-16","2007-09-18","Tue",1,1,"",257,257,"NR",null,277.2,0.92712842712842713,2]
["2007-09-16","2007-09-18","Tue",2,1,"",257,514,"NR",null,277.2,0.92712842712842713,2]
["2007-09-16","2007-09-18","Tue",2,1,"",200,400,"NR",null,254,0.78740157480314965,2]
["2007-09-16","2007-09-18","Tue",1,2,"",178,178,"NR",null,254,0.70078740157480313,2]
["2007-09-16","2007-09-18","Tue",1,1,"",169,169,"NR",null,254,0.66535433070866146,2]
["2007-09-16","2007-09-18","Tue",2,1,"",142,284,"NR",null,254,0.55905511811023623,2]
["2007-09-16","2007-09-18","Tue",1,1,"",142,142,"NR",null,254,0.55905511811023623,2]
["2007-09-16","2007-09-18","Tue",1,1,"",138,138,"NR",null,254,0.54330708661417326,2]
["2007-09-16","2007-09-18","Tue",2,1,"",129,258,"NR",null,254,0.50787401574803148,2]
["2007-09-16","2007-09-18","Tue",2,1,"",125,250,"NR",null,254,0.49212598425196852,2]
["2007-09-16","2007-09-18","Tue",1,1,"",116,116,"NR",null,254,0.45669291338582679,2]
["2007-09-16","2007-09-18","Tue",1,1,"",103,103,"NR",null,254,0.40551181102362205,2]
["2007-09-17","2007-09-19","Wed",3,1,254,118,354,"HI",null,254,0.46456692913385828,2]
["2007-09-17","2007-09-19","Wed",2,1,254,112,224,"HI",null,254,0.44094488188976377,2]
["2007-09-18","2007-09-20","Thu",13,2,280,123,1599,"HI",null,280,0.43928571428571428,2]
["2007-09-18","2007-09-20","Thu",2,1,120,96,192,"HI",null,254,0.37795275590551181,2]
["2007-09-19","2007-09-21","Fri",7,1,280,196,1372,"HI",null,280,0.7,2]
["2007-09-19","2007-09-21","Fri",7,1,280,178,1246,"HI",null,280,0.63571428571428568,{"$f":"B450-A450","v":2}]
["2007-09-19","2007-09-21","Fri",7,1,280,173,1211,"HI",null,280,{"$f":"G451/K451","v":0.61785714285714288},2]
["2007-09-19","2007-09-21","Fri",7,1,280,160,1120,"HI",null,280,0.5714285714285714,2]
["2007-09-21","2007-09-23","Sun",3,1,256,144,432,"HI","Y",256,0.5625,2]
["2007-09-21","2007-09-23","Sun",2,1,120,99,198,"HI","Y",254,0.38976377952755903,2]
["2007-09-22","2007-09-24","Mon",1,1,134,99,99,"HI",null,254,0.38976377952755903,2]
["2007-09-22","2007-09-24","Mon",1,1,134,99,99,"HI",null,254,0.38976377952755903,2]
["2007-09-22","2007-09-24","Mon",4,1,"",226,904,"NR",null,254,0.88976377952755903,2]
["2007-09-22","2007-09-24","Mon",4,1,"",217,868,"NR",null,254,0.85433070866141736,2]
["2007-09-22","2007-09-24","Mon",4,1,280,200,800,"HI",null,280,0.7142857142857143,2]
["2007-09-22","2007-09-24","Mon",3,1,"",186,558,"NR",null,254,0.73228346456692917,2]
["2007-09-22","2007-09-24","Mon",2,1,280,160,320,"HI","Y",280,0.5714285714285714,2]
["2007-09-22","2007-09-24","Mon",4,3,280,151,604,"HI",null,280,0.53928571428571426,2]
["2007-09-22","2007-09-24","Mon",1,1,134,116,116,"HI",null,254,0.45669291338582679,2]
["2007-09-22","2007-09-24","Mon",1,1,134,116,116,"HI",null,254,0.45669291338582679,2]
["2007-09-22","2007-09-24","Mon",4,1,"",112,448,"NR",null,254,0.44094488188976377,2]
["2007-09-22","2007-09-24","Mon",1,1,134,110,110,"HI",null,254,0.43307086614173229,2]
["2007-09-22","2007-09-24","Mon",3,1,331,108,324,"HI",null,331,0.32628398791540786,2]
["2007-09-22","2007-09-24","Mon",1,1,134,107,107,"HI","Y",254,0.42125984251968501,2]
["2007-09-22","2007-09-24","Mon",2,1,280,107,214,"HI","Y",280,0.38214285714285712,2]
["2007-09-22","2007-09-24","Mon",2,1,280,107,214,"HI",null,280,0.38214285714285712,2]
["2007-09-22","2007-09-24","Mon",2,1,280,99,198,"HI",null,280,0.35357142857142859,2]
["2007-09-24","2007-09-26","Wed",2,1,363,243,486,"HI","Y",363,0.66942148760330578,2]
["2007-09-24","2007-09-26","Wed",1,1,"",187,187,"NR",null,254,0.73622047244094491,2]
["2007-09-24","2007-09-26","Wed",1,1,"",178,178,"NR",null,254,0.70078740157480313,2]
["2007-09-24","2007-09-26","Wed",2,2,"",173,346,"NR",null,254,0.68110236220472442,2]
["2007-09-24","2007-09-26","Wed",1,1,"",151,151,"NR",null,254,0.59448818897637801,2]
["2007-09-24","2007-09-26","Wed",1,1,"",143,143,"NR",null,254,0.56299212598425197,2]
["2007-09-24","2007-09-26","Wed",1,1,"",143,143,"NR",null,254,0.56299212598425197,2]
["2007-09-24","2007-09-26","Wed",1,1,"",143,143,"NR",null,254,0.56299212598425197,2]
["2007-09-24","2007-09-26","Wed",1,1,"",138,138,"NR",null,254,0.54330708661417326,2]
["2007-09-24","2007-09-26","Wed",1,1,"",138,138,"NR",null,254,0.54330708661417326,2]
["2007-09-24","2007-09-26","Wed",1,1,"",125,125,"NR",null,254,0.49212598425196852,2]
["2007-09-24","2007-09-26","Wed",1,1,"",125,125,"NR",null,254,0.49212598425196852,2]
["2007-09-24","2007-09-26","Wed",1,1,"",125,125,"NR",null,254,0.49212598425196852,2]
["2007-09-24","2007-09-26","Wed",1,1,"",107,107,"NR",null,254,0.42125984251968501,2]
["2007-09-24","2007-09-26","Wed",1,1,"",107,107,"NR",null,254,0.42125984251968501,2]
["2007-09-25","2007-09-27","Thu",1,1,363,116,116,"HI",null,363,0.31955922865013775,2]
["2007-09-25","2007-09-27","Thu",1,1,363,112,112,"HI",null,363,0.30853994490358128,2]
["2007-09-25","2007-09-27","Thu",2,1,331,103,206,"HI",null,331,0.31117824773413899,2]
["2007-09-25","2007-09-27","Thu",1,1,363,102,102,"HI",null,363,0.28099173553719009,2]
["2007-09-28","2007-09-30","Sun",3,1,120,107,321,"HI",null,254,0.42125984251968501,2]
["2007-09-26","2007-09-28","Fri",1,1,134,121,121,"HI","Y",254,0.4763779527559055,2]
["2007-09-26","2007-09-28","Fri",3,1,387,107,321,"HI","Y",387,0.27648578811369506,2]
["2007-09-26","2007-09-28","Fri",2,1,128,99,198,"HI",null,254,0.38976377952755903,2]
["2007-09-27","2007-09-29","Sat",1,2,134,116,116,"HI","Y",254,0.45669291338582679,2]
["2007-09-27","2007-09-29","Sat",2,1,122,116,232,"HI","Y",254,0.45669291338582679,2]
["2007-09-27","2007-09-29","Sat",1,1,145,113,113,"HI","Y",254,0.44488188976377951,2]
["2007-09-27","2007-09-29","Sat",1,1,145,99,99,"HI","Y",254,0.38976377952755903,2]
["2007-09-28","2007-09-30","Sun",6,1,"",107,642,"NR","Y",254,0.42125984251968501,2]
["2007-09-28","2007-09-30","Sun",1,1,130,99,99,"HI","Y",254,0.38976377952755903,2]
["2007-09-29","2007-10-01","Mon",1,1,145,125,125,"HI",null,254,0.49212598425196852,2]
["2007-08-31","2007-09-03","Mon",4,1,219,116,464,"HI","Y",254,0.45669291338582679,3]
["2007-08-31","2007-09-03","Mon",3,1,119,107,321,"HI","Y",254,0.42125984251968501,3]
["2007-09-03","2007-09-06","Thu",1,1,234,99,99,"HI",null,254,0.38976377952755903,3]
["2007-09-04","2007-09-07","Fri",3,1,119,107,321,"HI","Y",254,0.42125984251968501,3]
["2007-09-04","2007-09-07","Fri",3,1,119,107,321,"HI","Y",254,0.42125984251968501,3]
["2007-09-04","2007-09-07","Fri",1,1,120,99,99,"HI",null,254,0.38976377952755903,3]
["2007-09-05","2007-09-08","Sat",10,1,285,121,1210,"HI",null,285,0.42456140350877192,3]
["2007-09-05","2007-09-08","Sat",1,1,120,103,103,"HI","Y",254,0.40551181102362205,3]
["2007-09-05","2007-09-08","Sat",1,1,120,95,95,"HI","Y",254,0.37401574803149606,3]
["2007-09-07","2007-09-10","Mon",2,2,185,134,268,"HI","Y",254,0.52755905511811019,3]
["2007-09-07","2007-09-10","Mon",3,1,207,138,414,"HI","Y",254,0.54330708661417326,3]
["2007-09-09","2007-09-12","Wed",2,1,186,112,224,"HI",null,254,0.44094488188976377,3]
["2007-09-11","2007-09-14","Fri",4,1,381,165,660,"HI",null,381,0.43307086614173229,{"$f":"B514-A514","v":3}]
["2007-09-11","2007-09-14","Fri",1,1,181,99,99,"HI",null,254,{"$f":"G515/K515","v":0.38976377952755903},3]
["2007-09-12","2007-09-15","Sat",2,1,205,114,228,"HI",null,254,0.44881889763779526,3]
["2007-09-12","2007-09-15","Sat",5,1,"",105,525,"NR","Y",254,0.41338582677165353,3]
["2007-09-13","2007-09-16","Sun",3,1,"",209,627,"NR",null,254,0.82283464566929132,3]
["2007-09-13","2007-09-16","Sun",2,1,"",165,330,"NR",null,254,0.64960629921259838,3]
["2007-09-13","2007-09-16","Sun",5,1,308,165,825,"HI","Y",308,0.5357142857142857,3]
["2007-09-13","2007-09-16","Sun",5,1,308,156,780,"HI",null,308,0.50649350649350644,3]
["2007-09-13","2007-09-16","Sun",5,1,364,151,755,"HI",null,364,0.41483516483516486,3]
["2007-09-13","2007-09-16","Sun",2,1,"",138,276,"NR",null,254,0.54330708661417326,3]
["2007-09-14","2007-09-17","Mon",2,1,"",288,576,"NR",null,311.3,0.92515258592997107,3]
["2007-09-14","2007-09-17","Mon",1,1,"",275,275,"NR",null,297,0.92592592592592593,3]
["2007-09-14","2007-09-17","Mon",4,1,"",248,992,"NR","Y",267.3,0.9277964833520389,3]
["2007-09-14","2007-09-17","Mon",1,1,"",244,244,"NR",null,262.89999999999998,0.92810954735640938,3]
["2007-09-14","2007-09-17","Mon",2,1,"",221,442,"NR",null,254,0.87007874015748032,3]
["2007-09-14","2007-09-17","Mon",4,1,"",213,852,"NR",null,254,0.83858267716535428,3]
["2007-09-14","2007-09-17","Mon",1,1,"",209,209,"NR",null,254,0.82283464566929132,3]
["2007-09-14","2007-09-17","Mon",4,1,"",187,748,"NR",null,254,0.73622047244094491,3]
["2007-09-14","2007-09-17","Mon",2,1,"",187,374,"NR",null,254,0.73622047244094491,3]
["2007-09-14","2007-09-17","Mon",1,1,"",187,187,"NR",null,254,0.73622047244094491,3]
["2007-09-14","2007-09-17","Mon",1,1,"",178,178,"NR",null,254,0.70078740157480313,3]
["2007-09-14","2007-09-17","Mon",2,1,"",178,356,"NR",null,254,0.70078740157480313,3]
["2007-09-14","2007-09-17","Mon",1,1,"",173,173,"NR",null,254,0.68110236220472442,3]
["2007-09-14","2007-09-17","Mon",1,1,"",173,173,"NR",null,254,0.68110236220472442,3]
["2007-09-14","2007-09-17","Mon",1,1,"",165,165,"NR",null,254,0.64960629921259838,3]
["2007-09-14","2007-09-17","Mon",3,1,"",134,402,"NR",null,254,0.52755905511811019,3]
["2007-09-14","2007-09-17","Mon",1,1,"",103,103,"NR",null,254,0.40551181102362205,3]
["2007-09-14","2007-09-17","Mon",4,1,"",99,396,"NR",null,254,0.38976377952755903,3]
["2007-09-14","2007-09-17","Mon",1,1,"",99,99,"NR","Y",254,0.38976377952755903,3]
["2007-09-14","2007-09-17","Mon",1,1,"",99,99,"NR",null,254,0.38976377952755903,3]
["2007-09-14","2007-09-17","Mon",3,1,"",97,291,"NR",null,254,0.38188976377952755,3]
["2007-09-15","2007-09-18","Tue",1,1,"",187,187,"NR",null,254,0.73622047244094491,3]
["2007-09-15","2007-09-18","Tue",1,1,"",169,169,"NR",null,254,0.66535433070866146,3]
["2007-09-15","2007-09-18","Tue",1,1,"",150,150,"NR",null,254,0.59055118110236215,3]
["2007-09-15","2007-09-18","Tue",2,1,"",143,286,"NR",null,254,0.56299212598425197,3]
["2007-09-15","2007-09-18","Tue",2,1,"",131,262,"NR",null,254,0.51574803149606296,3]
["2007-09-16","2007-09-19","Wed",3,1,254,112,336,"HI",null,254,0.44094488188976377,3]
["2007-09-17","2007-09-20","Thu",1,1,236,115,115,"HI","Y",254,0.452755905511811,3]
["2007-09-18","2007-09-21","Fri",7,1,280,151,1057,"HI",null,280,0.53928571428571426,3]
["2007-09-18","2007-09-21","Fri",7,1,280,143,1001,"HI",null,280,0.51071428571428568,3]
["2007-09-18","2007-09-21","Fri",7,1,280,134,938,"HI",null,280,0.47857142857142859,3]
["2007-09-20","2007-09-23","Sun",2,1,194,129,258,"HI",null,254,0.50787401574803148,3]
["2007-09-20","2007-09-23","Sun",2,1,120,99,198,"HI",null,254,0.38976377952755903,3]
["2007-09-20","2007-09-23","Sun",1,1,134,99,99,"HI",null,254,0.38976377952755903,3]
["2007-09-21","2007-09-24","Mon",3,1,"",231,693,"NR","Y",254,0.90944881889763785,3]
["2007-09-21","2007-09-24","Mon",4,1,"",217,868,"NR",null,254,0.85433070866141736,3]
["2007-09-21","2007-09-24","Mon",3,1,"",195,585,"NR",null,254,0.76771653543307083,3]
["2007-09-21","2007-09-24","Mon",4,1,"",151,604,"NR",null,254,0.59448818897637801,3]
["2007-09-21","2007-09-24","Mon",4,1,"",151,604,"NR",null,254,0.59448818897637801,3]
["2007-09-21","2007-09-24","Mon",4,2,"",129,516,"NR",null,254,0.50787401574803148,3]
["2007-09-21","2007-09-24","Mon",4,1,"",99,396,"NR",null,254,0.38976377952755903,3]
["2007-09-22","2007-09-25","Tue",3,1,"",187,561,"NR",null,254,0.73622047244094491,3]
["2007-09-22","2007-09-25","Tue",1,1,363,160,160,"HI",null,363,0.44077134986225897,3]
["2007-09-22","2007-09-25","Tue",2,1,"",129,258,"NR",null,254,0.50787401574803148,3]
["2007-09-22","2007-09-25","Tue",2,1,"",125,250,"NR",null,254,0.49212598425196852,3]
["2007-09-22","2007-09-25","Tue",2,1,"",195,390,"NR",null,254,0.76771653543307083,3]
["2007-09-22","2007-09-25","Tue",2,1,"",187,374,"NR",null,254,0.73622047244094491,3]
["2007-09-22","2007-09-25","Tue",2,1,"",165,330,"NR",null,254,0.64960629921259838,3]
["2007-09-24","2007-09-27","Thu",1,1,363,147,147,"HI",null,363,0.4049586776859504,3]
["2007-09-24","2007-09-27","Thu",2,1,331,143,286,"HI",null,331,0.43202416918429004,3]
["2007-09-24","2007-09-27","Thu",2,1,331,125,250,"HI",null,331,0.37764350453172207,3]
["2007-09-24","2007-09-27","Thu",2,1,331,121,242,"HI",null,331,0.36555891238670696,3]
["2007-09-24","2007-09-27","Thu",1,1,363,112,112,"HI",null,363,0.30853994490358128,3]
["2007-09-28","2007-10-01","Mon",3,1,244,200,600,"HI",null,254,0.78740157480314965,3]
["2007-09-28","2007-10-01","Mon",2,1,192,143,286,"HI","Y",254,0.56299212598425197,{"$f":"B578-A578","v":3}]
["2007-09-28","2007-10-01","Mon",2,1,192,121,242,"HI",null,254,{"$f":"G579/K579","v":0.4763779527559055},3]
["2007-09-28","2007-10-01","Mon",3,1,213,116,348,"HI",null,254,0.45669291338582679,3]
["2007-09-26","2007-09-29","Sat",1,2,221,116,116,"HI","Y",254,0.45669291338582679,3]
["2007-09-26","2007-09-29","Sat",2,1,120,113,226,"HI","Y",254,0.44488188976377951,3]
["2007-09-26","2007-09-29","Sat",1,2,221,107,107,"HI",null,254,0.42125984251968501,3]
["2007-09-26","2007-09-29","Sat",5,1,122,99,495,"HI",null,254,0.38976377952755903,3]
["2007-09-27","2007-09-30","Sun",5,1,"",121,605,"NR","Y",254,0.4763779527559055,3]
["2007-09-27","2007-09-30","Sun",1,1,130,99,99,"HI","Y",254,0.38976377952755903,3]
["2007-09-28","2007-10-01","Mon",3,1,254,125,375,"HI",null,254,0.49212598425196852,3]
["2007-09-28","2007-10-01","Mon",1,1,145,107,107,"HI",null,254,0.42125984251968501,3]
["2007-09-02","2007-09-06","Thu",1,1,234,96,96,"HI","Y",254,0.37795275590551181,4]
["2007-09-03","2007-09-07","Fri",2,1,120,103,206,"HI","Y",254,0.40551181102362205,4]
["2007-09-04","2007-09-08","Sat",4,1,284,151,604,"HI",null,284,0.53169014084507038,4]
["2007-09-04","2007-09-08","Sat",4,1,284,147,588,"HI",null,284,0.51760563380281688,4]
["2007-09-05","2007-09-09","Sun",3,1,258,125,375,"HI",null,258,0.48449612403100772,4]
["2007-09-05","2007-09-09","Sun",1,1,117,103,103,"HI","Y",254,0.40551181102362205,4]
["2007-09-10","2007-09-14","Fri",4,1,272,156,624,"HI",null,272,0.57352941176470584,4]
["2007-09-10","2007-09-14","Fri",1,1,"",129,129,"NR","Y",254,0.50787401574803148,4]
["2007-09-11","2007-09-15","Sat",4,2,367,127,508,"HI",null,367,0.34604904632152589,4]
["2007-09-11","2007-09-15","Sat",4,1,367,121,484,"HI",null,367,0.32970027247956402,4]
["2007-09-11","2007-09-15","Sat",4,1,367,116,464,"HI",null,367,0.31607629427792916,4]
["2007-09-12","2007-09-16","Sun",5,1,364,232,1160,"HI",null,364,0.63736263736263732,4]
["2007-09-12","2007-09-16","Sun",2,1,450,209,418,"HI",null,450,0.46444444444444444,4]
["2007-09-12","2007-09-16","Sun",5,1,364,206,1030,"HI",null,364,0.56593406593406592,4]
["2007-09-12","2007-09-16","Sun",3,1,450,165,495,"HI",null,450,0.36666666666666664,4]
["2007-09-12","2007-09-16","Sun",3,1,"",107,321,"NR",null,254,0.42125984251968501,4]
["2007-09-13","2007-09-17","Mon",2,1,"",292,584,"NR",null,315.7,0.92492872980677865,4]
["2007-09-13","2007-09-17","Mon",1,1,"",209,209,"NR",null,254,0.82283464566929132,4]
["2007-09-13","2007-09-17","Mon",3,1,"",209,627,"NR","Y",254,0.82283464566929132,4]
["2007-09-13","2007-09-17","Mon",2,1,"",169,338,"NR",null,254,0.66535433070866146,4]
["2007-09-13","2007-09-17","Mon",2,1,"",160,320,"NR",null,254,0.62992125984251968,4]
["2007-09-13","2007-09-17","Mon",1,1,"",143,143,"NR",null,254,0.56299212598425197,4]
["2007-09-13","2007-09-17","Mon",1,1,"",125,125,"NR",null,254,0.49212598425196852,4]
["2007-09-13","2007-09-17","Mon",3,1,"",114,342,"NR",null,254,0.44881889763779526,4]
["2007-09-13","2007-09-17","Mon",2,1,450,112,224,"HI",null,450,0.24888888888888888,4]
["2007-09-14","2007-09-18","Tue",1,1,"",275,275,"NR",null,297,0.92592592592592593,4]
["2007-09-14","2007-09-18","Tue",3,1,"",187,561,"NR",null,254,0.73622047244094491,4]
["2007-09-18","2007-09-22","Sat",4,1,250,143,572,"HI",null,254,0.56299212598425197,4]
["2007-09-16","2007-09-20","Thu",4,1,120,107,428,"HI",null,254,0.42125984251968501,4]
["2007-09-17","2007-09-21","Fri",7,1,253,125,875,"HI",null,254,0.49212598425196852,4]
["2007-09-17","2007-09-21","Fri",2,1,120,106,212,"HI","Y",254,0.41732283464566927,4]
["2007-09-17","2007-09-21","Fri",2,1,120,104,208,"HI","Y",254,0.40944881889763779,4]
["2007-09-17","2007-09-21","Fri",2,1,120,95,190,"HI",null,254,0.37401574803149606,4]
["2007-09-19","2007-09-23","Sun",19,1,280,121,2299,"HI","Y",280,0.43214285714285716,4]
["2007-09-19","2007-09-23","Sun",1,1,134,121,121,"HI","Y",254,0.4763779527559055,4]
["2007-09-19","2007-09-23","Sun",2,1,194,99,198,"HI",null,254,0.38976377952755903,4]
["2007-09-20","2007-09-24","Mon",2,1,"",195,390,"NR",null,254,0.76771653543307083,4]
["2007-09-20","2007-09-24","Mon",1,1,254,121,121,"HI","Y",254,0.4763779527559055,4]
["2007-09-21","2007-09-25","Tue",2,1,"",248,496,"NR",null,267.3,0.9277964833520389,4]
["2007-09-21","2007-09-25","Tue",2,1,"",165,330,"NR",null,254,0.64960629921259838,4]
["2007-09-21","2007-09-25","Tue",2,1,"",143,286,"NR",null,254,0.56299212598425197,4]
["2007-09-22","2007-09-26","Wed",1,1,"",138,138,"NR",null,254,0.54330708661417326,4]
["2007-09-22","2007-09-26","Wed",2,1,"",138,276,"NR",null,254,0.54330708661417326,4]
["2007-09-22","2007-09-26","Wed",1,1,"",125,125,"NR",null,254,0.49212598425196852,4]
["2007-09-22","2007-09-26","Wed",1,1,"",253,253,"NR",null,272.8,0.92741935483870963,4]
["2007-09-22","2007-09-26","Wed",1,1,"",231,231,"NR",null,254,0.90944881889763785,4]
["2007-09-22","2007-09-26","Wed",1,1,"",187,187,"NR",null,254,0.73622047244094491,4]
["2007-09-22","2007-09-26","Wed",2,1,"",151,302,"NR",null,254,0.59448818897637801,4]
["2007-09-22","2007-09-26","Wed",1,1,"",143,143,"NR",null,254,0.56299212598425197,4]
["2007-09-22","2007-09-26","Wed",2,2,"",143,286,"NR",null,254,0.56299212598425197,4]
["2007-09-22","2007-09-26","Wed",1,1,"",134,134,"NR",null,254,0.52755905511811019,4]
["2007-09-22","2007-09-26","Wed",1,1,"",134,134,"NR",null,254,0.52755905511811019,4]
["2007-09-22","2007-09-26","Wed",1,1,"",129,129,"NR",null,254,0.50787401574803148,4]
["2007-09-22","2007-09-26","Wed",1,1,"",125,125,"NR",null,254,0.49212598425196852,{"$f":"B642-A642","v":4}]
["2007-09-22","2007-09-26","Wed",1,1,"",121,121,"NR",null,254,{"$f":"G643/K643","v":0.4763779527559055},4]
["2007-09-22","2007-09-26","Wed",3,1,"",121,363,"NR",null,254,0.4763779527559055,4]
["2007-09-24","2007-09-28","Fri",3,1,363,116,348,"HI","Y",363,0.31955922865013775,4]
["2007-09-24","2007-09-28","Fri",1,2,363,99,99,"HI","Y",363,0.27272727272727271,4]
["2007-09-27","2007-10-01","Mon",3,1,211,134,402,"HI","Y",254,0.52755905511811019,4]
["2007-09-27","2007-10-01","Mon",1,1,145,125,125,"HI","Y",254,0.49212598425196852,4]
["2007-09-27","2007-10-01","Mon",1,1,145,112,112,"HI","Y",254,0.44094488188976377,4]
["2007-09-28","2007-10-02","Tue",2,1,256,169,338,"HI",null,256,0.66015625,4]
["2007-09-28","2007-10-02","Tue",2,1,256,143,286,"HI",null,256,0.55859375,4]
["2007-09-28","2007-10-02","Tue",2,2,280,138,276,"HI","Y",280,0.49285714285714288,4]
["2007-09-28","2007-10-02","Tue",2,1,254,133,266,"HI","Y",254,0.52362204724409445,4]
["2007-09-29","2007-10-03","Wed",2,1,"",136,272,"NR","Y",254,0.53543307086614178,4]
["2007-08-31","2007-09-05","Wed",3,1,250,106,318,"HI","Y",254,0.41732283464566927,5]
["2007-09-03","2007-09-08","Sat",4,1,185,143,572,"HI",null,254,0.56299212598425197,5]
["2007-09-05","2007-09-10","Mon",2,1,284,125,250,"HI",null,284,0.44014084507042256,5]
["2007-09-08","2007-09-13","Thu",2,1,186,116,232,"HI","Y",254,0.45669291338582679,5]
["2007-09-08","2007-09-13","Thu",2,1,186,113,226,"HI","Y",254,0.44488188976377951,5]
["2007-09-09","2007-09-14","Fri",6,1,371,125,750,"HI",null,371,0.33692722371967654,5]
["2007-09-09","2007-09-14","Fri",3,1,120,107,321,"HI","Y",254,0.42125984251968501,5]
["2007-09-09","2007-09-14","Fri",1,1,180,104,104,"HI","Y",254,0.40944881889763779,5]
["2007-09-10","2007-09-15","Sat",3,1,"",107,321,"NR",null,254,0.42125984251968501,5]
["2007-09-10","2007-09-15","Sat",3,1,"",103,309,"NR",null,254,0.40551181102362205,5]
["2007-09-10","2007-09-15","Sat",1,1,"",100,100,"NR","Y",254,0.39370078740157483,5]
["2007-09-10","2007-09-15","Sat",1,1,197,99,99,"HI",null,254,0.38976377952755903,5]
["2007-09-11","2007-09-16","Sun",3,1,450,204,612,"HI",null,450,0.45333333333333331,5]
["2007-09-11","2007-09-16","Sun",3,1,450,165,495,"HI",null,450,0.36666666666666664,5]
["2007-09-11","2007-09-16","Sun",4,1,308,151,604,"HI",null,308,0.49025974025974028,5]
["2007-09-11","2007-09-16","Sun",1,1,250,121,121,"HI",null,254,0.4763779527559055,5]
["2007-09-12","2007-09-17","Mon",4,1,450,248,992,"HI","Y",450,0.55111111111111111,5]
["2007-09-12","2007-09-17","Mon",1,1,450,191,191,"HI",null,450,0.42444444444444446,5]
["2007-09-12","2007-09-17","Mon",3,1,450,187,561,"HI",null,450,0.41555555555555557,5]
["2007-09-12","2007-09-17","Mon",3,1,"",187,561,"NR",null,254,0.73622047244094491,5]
["2007-09-12","2007-09-17","Mon",3,1,450,156,468,"HI",null,450,0.34666666666666668,5]
["2007-09-12","2007-09-17","Mon",3,1,450,138,414,"HI",null,450,0.30666666666666664,5]
["2007-09-12","2007-09-17","Mon",3,1,450,125,375,"HI",null,450,0.27777777777777779,5]
["2007-09-13","2007-09-18","Tue",1,1,"",266,266,"NR",null,287.10000000000002,0.92650644374782298,5]
["2007-09-13","2007-09-18","Tue",2,1,"",121,242,"NR",null,254,0.4763779527559055,5]
["2007-09-13","2007-09-18","Tue",2,1,"",112,224,"NR",null,254,0.44094488188976377,5]
["2007-09-13","2007-09-18","Tue",2,1,"",103,206,"NR",null,254,0.40551181102362205,5]
["2007-09-18","2007-09-23","Sun",1,1,254,121,121,"HI",null,254,0.4763779527559055,5]
["2007-09-18","2007-09-23","Sun",1,1,254,107,107,"HI",null,254,0.42125984251968501,5]
["2007-09-15","2007-09-20","Thu",1,1,236,100,100,"HI",null,254,0.39370078740157483,5]
["2007-09-15","2007-09-20","Thu",1,1,236,99,99,"HI",null,254,0.38976377952755903,5]
["2007-09-15","2007-09-20","Thu",1,1,236,98,98,"HI","Y",254,0.38582677165354329,5]
["2007-09-16","2007-09-21","Fri",2,1,120,107,214,"HI","Y",254,0.42125984251968501,5]
["2007-09-17","2007-09-22","Sat",4,1,230,103,412,"HI","Y",254,0.40551181102362205,5]
["2007-09-18","2007-09-23","Sun",2,1,254,99,198,"HI",null,254,0.38976377952755903,5]
["2007-09-19","2007-09-24","Mon",1,1,254,149,149,"HI",null,254,0.58661417322834641,5]
["2007-09-19","2007-09-24","Mon",1,1,254,99,99,"HI",null,254,0.38976377952755903,5]
["2007-09-20","2007-09-25","Tue",1,1,"",143,143,"NR","Y",254,0.56299212598425197,5]
["2007-09-20","2007-09-25","Tue",2,2,"",121,242,"NR",null,254,0.4763779527559055,5]
["2007-09-20","2007-09-25","Tue",3,1,"",107,321,"NR",null,254,0.42125984251968501,5]
["2007-09-20","2007-09-25","Tue",3,1,"",107,321,"NR",null,254,0.42125984251968501,5]
["2007-09-20","2007-09-25","Tue",3,1,"",103,309,"NR",null,254,0.40551181102362205,5]
["2007-09-21","2007-09-26","Wed",4,1,"",187,748,"NR",null,254,0.73622047244094491,5]
["2007-09-21","2007-09-26","Wed",2,1,"",160,320,"NR",null,254,0.62992125984251968,5]
["2007-09-22","2007-09-27","Thu",2,1,363,112,224,"HI",null,363,0.30853994490358128,5]
["2007-09-28","2007-10-03","Wed",2,1,363,143,286,"HI",null,363,0.39393939393939392,5]
["2007-09-28","2007-10-03","Wed",2,1,331,137,274,"HI",null,331,0.41389728096676737,5]
["2007-09-28","2007-10-03","Wed",2,1,363,134,268,"HI",null,363,0.36914600550964188,5]
["2007-09-28","2007-10-03","Wed",1,1,331,125,125,"HI",null,331,0.37764350453172207,5]
["2007-09-28","2007-10-03","Wed",2,1,363,125,250,"HI",null,363,0.34435261707988979,5]
["2007-09-28","2007-10-03","Wed",3,1,411,122,366,"HI",null,411,0.29683698296836986,5]
["2007-09-28","2007-10-03","Wed",1,1,331,116,116,"HI",null,331,0.35045317220543809,{"$f":"B706-A706","v":5}]
["2007-09-28","2007-10-03","Wed",3,1,411,106,318,"HI",null,411,{"$f":"G707/K707","v":0.25790754257907544},5]
["2007-09-26","2007-10-01","Mon",4,1,256,142,568,"HI",null,256,0.5546875,5]
["2007-09-27","2007-10-02","Tue",3,1,254,182,546,"HI",null,254,0.71653543307086609,5]
["2007-09-27","2007-10-02","Tue",2,1,256,161,322,"HI","Y",256,0.62890625,5]
["2007-09-27","2007-10-02","Tue",2,1,256,137,274,"HI",null,256,0.53515625,5]
["2007-09-27","2007-10-02","Tue",2,1,256,125,250,"HI",null,256,0.48828125,5]
["2007-09-27","2007-10-02","Tue",2,1,256,112,224,"HI",null,256,0.4375,5]
["2007-09-27","2007-10-02","Tue",4,1,256,99,396,"HI",null,256,0.38671875,5]
["2007-09-27","2007-10-02","Tue",4,1,256,99,396,"HI",null,256,0.38671875,5]
["2007-09-28","2007-10-03","Wed",2,1,"",135,270,"NR","Y",254,0.53149606299212604,5]
["2007-09-28","2007-10-03","Wed",1,1,308,134,134,"HI","Y",308,0.43506493506493504,5]
["2007-09-28","2007-10-03","Wed",3,1,"",129,387,"NR",null,254,0.50787401574803148,5]
["2007-09-28","2007-10-03","Wed",1,1,339,129,129,"HI",null,339,0.38053097345132741,5]
["2007-09-28","2007-10-03","Wed",1,1,308,112,112,"HI","Y",308,0.36363636363636365,5]
["2007-09-03","2007-09-09","Sun",4,1,217,143,572,"HI",null,254,0.56299212598425197,6]
["2007-09-03","2007-09-09","Sun",4,1,217,121,484,"HI",null,254,0.4763779527559055,6]
["2007-09-04","2007-09-10","Mon",2,1,284,134,268,"HI",null,284,0.47183098591549294,6]
["2007-09-07","2007-09-13","Thu",3,1,207,116,348,"HI",null,254,0.45669291338582679,6]
["2007-09-07","2007-09-13","Thu",2,1,186,107,214,"HI",null,254,0.42125984251968501,6]
["2007-09-07","2007-09-13","Thu",2,1,186,109,218,"HI",null,254,0.42913385826771655,6]
["2007-09-08","2007-09-14","Fri",6,1,371,134,804,"HI",null,371,0.36118598382749328,6]
["2007-09-08","2007-09-14","Fri",6,1,371,134,804,"HI",null,371,0.36118598382749328,6]
["2007-09-08","2007-09-14","Fri",2,2,120,103,206,"HI",null,254,0.40551181102362205,6]
["2007-09-08","2007-09-14","Fri",1,1,180,100,100,"HI",null,254,0.39370078740157483,6]
["2007-09-10","2007-09-16","Sun",2,1,"",209,418,"NR",null,254,0.82283464566929132,6]
["2007-09-10","2007-09-16","Sun",2,2,"",187,374,"NR",null,254,0.73622047244094491,6]
["2007-09-10","2007-09-16","Sun",2,2,"",169,338,"NR",null,254,0.66535433070866146,6]
["2007-09-11","2007-09-17","Mon",3,1,450,187,561,"HI",null,450,0.41555555555555557,6]
["2007-09-11","2007-09-17","Mon",1,1,450,187,187,"HI",null,450,0.41555555555555557,6]
["2007-09-11","2007-09-17","Mon",1,1,"",187,187,"NR",null,254,0.73622047244094491,6]
["2007-09-11","2007-09-17","Mon",1,1,450,187,187,"HI",null,450,0.41555555555555557,6]
["2007-09-11","2007-09-17","Mon",2,1,"",125,250,"NR",null,254,0.49212598425196852,6]
["2007-09-12","2007-09-18","Tue",1,2,"",275,275,"NR",null,297,0.92592592592592593,6]
["2007-09-12","2007-09-18","Tue",2,1,394,160,320,"HI",null,394,0.40609137055837563,6]
["2007-09-18","2007-09-24","Mon",2,1,308,143,286,"HI","Y",308,0.4642857142857143,6]
["2007-09-18","2007-09-24","Mon",2,1,308,125,250,"HI",null,308,0.40584415584415584,6]
["2007-09-18","2007-09-24","Mon",2,1,250,107,214,"HI",null,254,0.42125984251968501,6]
["2007-09-18","2007-09-24","Mon",3,1,411,275,825,"HI","Y",411,0.66909975669099753,6]
["2007-09-18","2007-09-24","Mon",1,1,254,143,143,"HI",null,254,0.56299212598425197,6]
["2007-09-18","2007-09-24","Mon",1,1,254,125,125,"HI",null,254,0.49212598425196852,6]
["2007-09-19","2007-09-25","Tue",3,1,450,231,693,"HI","Y",450,0.51333333333333331,6]
["2007-09-19","2007-09-25","Tue",3,1,"",169,507,"NR",null,254,0.66535433070866146,6]
["2007-09-19","2007-09-25","Tue",1,1,352,134,134,"HI",null,352,0.38068181818181818,6]
["2007-09-19","2007-09-25","Tue",1,1,352,103,103,"HI","Y",352,0.29261363636363635,6]
["2007-09-19","2007-09-25","Tue",1,1,"",99,99,"NR",null,254,0.38976377952755903,6]
["2007-09-19","2007-09-25","Tue",1,1,"",99,99,"NR",null,254,0.38976377952755903,6]
["2007-09-20","2007-09-26","Wed",1,1,"",187,187,"NR",null,254,0.73622047244094491,6]
["2007-09-20","2007-09-26","Wed",3,1,"",165,495,"NR","Y",254,0.64960629921259838,6]
["2007-09-20","2007-09-26","Wed",3,1,"",147,441,"NR",null,254,0.57874015748031493,6]
["2007-09-20","2007-09-26","Wed",1,1,"",143,143,"NR",null,254,0.56299212598425197,6]
["2007-09-20","2007-09-26","Wed",3,1,"",143,429,"NR",null,254,0.56299212598425197,6]
["2007-09-20","2007-09-26","Wed",1,1,"",143,143,"NR",null,254,0.56299212598425197,6]
["2007-09-20","2007-09-26","Wed",4,1,"",141,564,"NR",null,254,0.55511811023622049,6]
["2007-09-20","2007-09-26","Wed",1,1,"",138,138,"NR",null,254,0.54330708661417326,6]
["2007-09-20","2007-09-26","Wed",1,1,"",134,134,"NR",null,254,0.52755905511811019,6]
["2007-09-20","2007-09-26","Wed",1,1,"",125,125,"NR",null,254,0.49212598425196852,6]
["2007-09-20","2007-09-26","Wed",1,1,"",121,121,"NR",null,254,0.4763779527559055,6]
["2007-09-20","2007-09-26","Wed",1,1,"",112,112,"NR",null,254,0.44094488188976377,6]
["2007-09-20","2007-09-26","Wed",2,1,"",107,214,"NR","Y",254,0.42125984251968501,6]
["2007-09-20","2007-09-26","Wed",1,1,"",107,107,"NR",null,254,0.42125984251968501,6]
["2007-09-22","2007-09-28","Fri",3,1,120,99,297,"HI",null,254,0.38976377952755903,6]
["2007-09-22","2007-09-28","Fri",1,1,134,96,96,"HI",null,254,0.37795275590551181,6]
["2007-09-24","2007-09-30","Sun",1,1,130,107,107,"HI","Y",254,0.42125984251968501,6]
["2007-09-24","2007-09-30","Sun",3,1,120,99,297,"HI",null,254,0.38976377952755903,{"$f":"B770-A770","v":6}]
["2007-09-28","2007-10-04","Thu",3,1,339,186,558,"HI","Y",339,{"$f":"G771/K771","v":0.54867256637168138},6]
["2007-09-28","2007-10-04","Thu",3,1,339,168,504,"HI",null,339,0.49557522123893805,6]
["2007-09-28","2007-10-04","Thu",5,1,387,143,715,"HI",null,387,0.36950904392764861,6]
["2007-09-28","2007-10-04","Thu",5,1,387,121,605,"HI",null,387,0.31266149870801035,6]
["2007-09-26","2007-10-02","Tue",3,1,254,187,561,"HI","Y",254,0.73622047244094491,6]
["2007-09-26","2007-10-02","Tue",3,1,254,151,453,"HI","Y",254,0.59448818897637801,6]
["2007-09-27","2007-10-03","Wed",3,1,"",116,348,"NR",null,254,0.45669291338582679,6]
["2007-09-27","2007-10-03","Wed",2,2,"",114,228,"NR",null,254,0.44881889763779526,6]
["2007-09-29","2007-10-05","Fri",1,1,"",99,99,"NR",null,254,0.38976377952755903,6]
["2007-09-01","2007-09-08","Sat",4,1,185,138,552,"HI",null,254,0.54330708661417326,7]
["2007-09-07","2007-09-14","Fri",4,1,248,130,520,"HI",null,254,0.51181102362204722,7]
["2007-09-10","2007-09-17","Mon",1,1,"",187,187,"NR",null,254,0.73622047244094491,7]
["2007-09-10","2007-09-17","Mon",1,1,"",173,173,"NR",null,254,0.68110236220472442,7]
["2007-09-10","2007-09-17","Mon",1,1,"",107,107,"NR",null,254,0.42125984251968501,7]
["2007-09-10","2007-09-17","Mon",2,1,"",107,214,"NR",null,254,0.42125984251968501,7]
["2007-09-11","2007-09-18","Tue",2,1,450,231,462,"HI",null,450,0.51333333333333331,7]
["2007-09-11","2007-09-18","Tue",3,1,450,131,393,"HI",null,450,0.2911111111111111,7]
["2007-09-18","2007-09-25","Tue",3,1,308,195,585,"HI",null,308,0.63311688311688308,7]
["2007-09-18","2007-09-25","Tue",3,1,308,178,534,"HI",null,308,0.57792207792207795,7]
["2007-09-18","2007-09-25","Tue",3,1,308,151,453,"HI",null,308,0.49025974025974028,7]
["2007-09-18","2007-09-25","Tue",5,3,284,125,625,"HI",null,284,0.44014084507042256,7]
["2007-09-16","2007-09-23","Sun",3,1,254,112,336,"HI",null,254,0.44094488188976377,7]
["2007-09-17","2007-09-24","Mon",3,1,280,209,627,"HI",null,280,0.74642857142857144,7]
["2007-09-18","2007-09-25","Tue",2,1,"",275,550,"NR",null,297,0.92592592592592593,7]
["2007-09-18","2007-09-25","Tue",2,1,"",195,390,"NR","Y",254,0.76771653543307083,7]
["2007-09-18","2007-09-25","Tue",2,1,"",160,320,"NR",null,254,0.62992125984251968,7]
["2007-09-19","2007-09-26","Wed",3,1,331,151,453,"HI",null,331,0.45619335347432022,7]
["2007-09-19","2007-09-26","Wed",3,1,"",143,429,"NR",null,254,0.56299212598425197,7]
["2007-09-19","2007-09-26","Wed",1,1,"",142,142,"NR",null,254,0.55905511811023623,7]
["2007-09-19","2007-09-26","Wed",3,1,331,134,402,"HI",null,331,0.40483383685800606,7]
["2007-09-19","2007-09-26","Wed",5,1,254,106,530,"HI",null,254,0.41732283464566927,7]
["2007-09-20","2007-09-27","Thu",1,2,331,131,131,"HI",null,331,0.39577039274924469,7]
["2007-09-20","2007-09-27","Thu",1,1,331,113,113,"HI","Y",331,0.34138972809667673,7]
["2007-09-21","2007-09-28","Fri",2,1,120,103,206,"HI",null,254,0.40551181102362205,7]
["2007-09-21","2007-09-28","Fri",1,1,213,99,99,"HI",null,254,0.38976377952755903,7]
["2007-09-21","2007-09-28","Fri",2,1,120,99,198,"HI",null,254,0.38976377952755903,7]
["2007-09-22","2007-09-29","Sat",6,1,194,125,750,"HI","Y",254,0.49212598425196852,7]
["2007-09-22","2007-09-29","Sat",1,1,134,107,107,"HI",null,254,0.42125984251968501,7]
["2007-09-24","2007-10-01","Mon",2,1,192,116,232,"HI","Y",254,0.45669291338582679,7]
["2007-09-24","2007-10-01","Mon",2,1,192,107,214,"HI",null,254,0.42125984251968501,7]
["2007-09-26","2007-10-03","Wed",3,1,450,165,495,"HI",null,450,0.36666666666666664,7]
["2007-09-26","2007-10-03","Wed",1,1,331,154,154,"HI","Y",331,0.46525679758308158,7]
["2007-09-26","2007-10-03","Wed",1,1,331,147,147,"HI",null,331,0.44410876132930516,7]
["2007-09-26","2007-10-03","Wed",3,1,363,125,375,"HI",null,363,0.34435261707988979,7]
["2007-09-26","2007-10-03","Wed",2,2,331,120,240,"HI","Y",331,0.36253776435045315,7]
["2007-09-26","2007-10-03","Wed",3,1,363,115,345,"HI",null,363,0.3168044077134986,7]
["2007-09-27","2007-10-04","Thu",1,2,292,143,143,"HI","Y",292,0.48972602739726029,7]
["2007-09-27","2007-10-04","Thu",1,1,260,142,142,"HI",null,260,0.5461538461538461,7]
["2007-09-28","2007-10-05","Fri",2,2,"",103,206,"NR","Y",254,0.40551181102362205,7]
["2007-09-29","2007-10-06","Sat",1,1,"",107,107,"NR","Y",254,0.42125984251968501,7]
["2007-09-04","2007-09-12","Wed",1,1,250,116,116,"HI","Y",254,0.45669291338582679,8]
["2007-09-05","2007-09-13","Thu",3,1,207,112,336,"HI","Y",254,0.44094488188976377,8]
["2007-09-05","2007-09-13","Thu",1,1,121,107,107,"HI",null,254,0.42125984251968501,8]
["2007-09-05","2007-09-13","Thu",2,1,186,105,210,"HI",null,254,0.41338582677165353,8]
["2007-09-07","2007-09-15","Sat",3,1,371,99,297,"HI",null,371,0.26684636118598382,8]
["2007-09-10","2007-09-18","Tue",1,1,352,253,253,"HI","Y",352,0.71875,8]
["2007-09-10","2007-09-18","Tue",1,1,352,213,213,"HI",null,352,0.60511363636363635,8]
["2007-09-10","2007-09-18","Tue",1,1,352,213,213,"HI",null,352,0.60511363636363635,8]
["2007-09-10","2007-09-18","Tue",2,6,411,165,330,"HI",null,411,0.40145985401459855,8]
["2007-09-11","2007-09-19","Wed",2,1,256,129,258,"HI",null,256,0.50390625,8]
["2007-09-12","2007-09-20","Thu",4,1,120,112,448,"HI","Y",254,0.44094488188976377,8]
["2007-09-12","2007-09-20","Thu",4,1,120,107,428,"HI",null,254,0.42125984251968501,8]
["2007-09-13","2007-09-21","Fri",2,1,120,99,198,"HI","Y",254,0.38976377952755903,8]
["2007-09-18","2007-09-26","Wed",2,1,363,178,356,"HI","Y",363,0.4903581267217631,{"$f":"B834-A834","v":8}]
["2007-09-18","2007-09-26","Wed",3,1,331,169,507,"HI","Y",331,{"$f":"G835/K835","v":0.51057401812688818},8]
["2007-09-18","2007-09-26","Wed",3,1,331,161,483,"HI",null,331,0.48640483383685801,8]
["2007-09-18","2007-09-26","Wed",3,1,331,151,453,"HI",null,331,0.45619335347432022,8]
["2007-09-18","2007-09-26","Wed",1,1,"",129,129,"NR",null,254,0.50787401574803148,8]
["2007-09-18","2007-09-26","Wed",3,1,331,109,327,"HI",null,331,0.32930513595166161,8]
["2007-09-15","2007-09-23","Sun",3,1,260,107,321,"HI",null,260,0.41153846153846152,8]
["2007-09-16","2007-09-24","Mon",2,1,256,117,234,"HI",null,256,0.45703125,8]
["2007-09-16","2007-09-24","Mon",1,1,254,100,100,"HI",null,254,0.39370078740157483,8]
["2007-09-17","2007-09-25","Tue",1,3,331,213,213,"HI","Y",331,0.64350453172205435,8]
["2007-09-17","2007-09-25","Tue",3,1,450,200,600,"HI",null,450,0.44444444444444442,8]
["2007-09-17","2007-09-25","Tue",2,1,"",200,400,"NR",null,254,0.78740157480314965,8]
["2007-09-17","2007-09-25","Tue",5,3,256,178,890,"HI","Y",256,0.6953125,8]
["2007-09-17","2007-09-25","Tue",5,3,256,169,845,"HI",null,256,0.66015625,8]
["2007-09-17","2007-09-25","Tue",3,1,450,151,453,"HI",null,450,0.33555555555555555,8]
["2007-09-17","2007-09-25","Tue",5,3,256,147,735,"HI",null,256,0.57421875,8]
["2007-09-17","2007-09-25","Tue",1,3,331,107,107,"HI",null,331,0.32326283987915405,8]
["2007-09-18","2007-09-26","Wed",1,1,"",231,231,"NR",null,254,0.90944881889763785,8]
["2007-09-18","2007-09-26","Wed",2,1,363,195,390,"HI",null,363,0.53719008264462809,8]
["2007-09-18","2007-09-26","Wed",1,1,"",195,195,"NR",null,254,0.76771653543307083,8]
["2007-09-18","2007-09-26","Wed",1,1,"",178,178,"NR",null,254,0.70078740157480313,8]
["2007-09-18","2007-09-26","Wed",2,1,363,169,338,"HI",null,363,0.465564738292011,8]
["2007-09-18","2007-09-26","Wed",1,1,"",160,160,"NR",null,254,0.62992125984251968,8]
["2007-09-18","2007-09-26","Wed",1,1,"",160,160,"NR","Y",254,0.62992125984251968,8]
["2007-09-18","2007-09-26","Wed",1,1,"",151,151,"NR",null,254,0.59448818897637801,8]
["2007-09-18","2007-09-26","Wed",1,1,"",143,143,"NR",null,254,0.56299212598425197,8]
["2007-09-18","2007-09-26","Wed",2,1,363,143,286,"HI",null,363,0.39393939393939392,8]
["2007-09-19","2007-09-27","Thu",4,1,120,103,412,"HI",null,254,0.40551181102362205,8]
["2007-09-19","2007-09-27","Thu",4,1,120,99,396,"HI",null,254,0.38976377952755903,8]
["2007-09-20","2007-09-28","Fri",2,1,120,107,214,"HI",null,254,0.42125984251968501,8]
["2007-09-20","2007-09-28","Fri",1,1,213,99,99,"HI","Y",254,0.38976377952755903,8]
["2007-09-21","2007-09-29","Sat",2,1,120,103,206,"HI","Y",254,0.40551181102362205,8]
["2007-09-21","2007-09-29","Sat",1,1,134,97,97,"HI",null,254,0.38188976377952755,8]
["2007-09-22","2007-09-30","Sun",1,1,134,116,116,"HI","Y",254,0.45669291338582679,8]
["2007-09-22","2007-09-30","Sun",3,1,120,99,297,"HI",null,254,0.38976377952755903,8]
["2007-09-24","2007-10-02","Tue",3,2,254,186,558,"HI",null,254,0.73228346456692917,8]
["2007-09-28","2007-10-06","Sat",4,1,292,116,464,"HI","Y",292,0.39726027397260272,8]
["2007-09-26","2007-10-04","Thu",7,1,339,154,1078,"HI",null,339,0.45427728613569324,8]
["2007-09-27","2007-10-05","Fri",4,1,280,160,640,"HI",null,280,0.5714285714285714,8]
["2007-09-27","2007-10-05","Fri",4,1,280,143,572,"HI",null,280,0.51071428571428568,8]
["2007-09-27","2007-10-05","Fri",4,1,"",121,484,"NR",null,254,0.4763779527559055,8]
["2007-09-27","2007-10-05","Fri",4,1,"",116,464,"NR",null,254,0.45669291338582679,8]
["2007-09-28","2007-10-06","Sat",4,1,"",173,692,"NR","Y",254,0.68110236220472442,8]
["2007-09-28","2007-10-06","Sat",4,2,"",138,552,"NR",null,254,0.54330708661417326,8]
["2007-09-01","2007-09-10","Mon",3,1,250,124,372,"HI",null,254,0.48818897637795278,9]
["2007-09-05","2007-09-14","Fri",3,1,120,99,297,"HI",null,254,0.38976377952755903,9]
["2007-09-07","2007-09-16","Sun",3,1,363,165,495,"HI",null,363,0.45454545454545453,9]
["2007-09-07","2007-09-16","Sun",3,1,363,116,348,"HI",null,363,0.31955922865013775,9]
["2007-09-08","2007-09-17","Mon",2,1,"",143,286,"NR",null,254,0.56299212598425197,9]
["2007-09-08","2007-09-17","Mon",2,1,"",125,250,"NR",null,254,0.49212598425196852,9]
["2007-09-08","2007-09-17","Mon",1,1,"",121,121,"NR",null,254,0.4763779527559055,9]
["2007-09-09","2007-09-18","Tue",1,1,331,209,209,"HI",null,331,0.63141993957703924,9]
["2007-09-09","2007-09-18","Tue",1,1,331,121,121,"HI",null,331,0.36555891238670696,9]
["2007-09-10","2007-09-19","Wed",1,1,256,178,178,"HI",null,256,0.6953125,9]
["2007-09-10","2007-09-19","Wed",3,1,304,129,387,"HI",null,304,0.42434210526315791,9]
["2007-09-13","2007-09-22","Sat",4,3,250,147,588,"HI",null,254,0.57874015748031493,9]
["2007-09-13","2007-09-22","Sat",4,2,250,147,588,"HI",null,254,0.57874015748031493,9]
["2007-09-13","2007-09-22","Sat",2,1,120,103,206,"HI","Y",254,0.40551181102362205,9]
["2007-09-13","2007-09-22","Sat",1,1,181,102,102,"HI",null,254,0.40157480314960631,9]
["2007-09-15","2007-09-24","Mon",1,1,254,151,151,"HI",null,254,0.59448818897637801,9]
["2007-09-16","2007-09-25","Tue",3,1,331,143,429,"HI",null,331,0.43202416918429004,9]
["2007-09-17","2007-09-26","Wed",2,1,363,129,258,"HI",null,363,0.35537190082644626,9]
["2007-09-17","2007-09-26","Wed",2,1,363,125,250,"HI",null,363,0.34435261707988979,9]
["2007-09-17","2007-09-26","Wed",2,1,363,121,242,"HI",null,363,0.33333333333333331,9]
["2007-09-17","2007-09-26","Wed",2,1,363,112,224,"HI",null,363,0.30853994490358128,{"$f":"B898-A898","v":9}]
["2007-09-17","2007-09-26","Wed",2,1,363,103,206,"HI",null,363,{"$f":"G899/K899","v":0.28374655647382918},9]
["2007-09-17","2007-09-26","Wed",4,1,331,99,396,"HI",null,331,0.29909365558912387,9]
["2007-09-18","2007-09-27","Thu",2,1,254,204,408,"HI","Y",254,0.80314960629921262,9]
["2007-09-18","2007-09-27","Thu",2,1,254,169,338,"HI",null,254,0.66535433070866146,9]
["2007-09-18","2007-09-27","Thu",2,2,254,151,302,"HI",null,254,0.59448818897637801,9]
["2007-09-18","2007-09-27","Thu",2,2,254,143,286,"HI",null,254,0.56299212598425197,9]
["2007-09-18","2007-09-27","Thu",2,1,254,129,258,"HI",null,254,0.50787401574803148,9]
["2007-09-18","2007-09-27","Thu",2,2,254,125,250,"HI","Y",254,0.49212598425196852,9]
["2007-09-18","2007-09-27","Thu",2,1,248,125,250,"HI",null,254,0.49212598425196852,9]
["2007-09-18","2007-09-27","Thu",2,2,254,125,250,"HI",null,254,0.49212598425196852,9]
["2007-09-22","2007-10-01","Mon",3,3,214,129,387,"HI",null,254,0.50787401574803148,9]
["2007-09-24","2007-10-03","Wed",3,1,363,107,321,"HI",null,363,0.29476584022038566,9]
["2007-09-26","2007-10-05","Fri",4,1,256,143,572,"HI",null,256,0.55859375,9]
["2007-09-27","2007-10-06","Sat",5,2,364,138,690,"HI",null,364,0.37912087912087911,9]
["2007-09-27","2007-10-06","Sat",1,1,"",121,121,"NR",null,254,0.4763779527559055,9]
["2007-09-27","2007-10-06","Sat",1,1,"",108,108,"NR",null,254,0.42519685039370081,9]
["2007-09-27","2007-10-06","Sat",2,1,269,106,212,"HI","Y",269,0.39405204460966542,9]
["2007-09-29","2007-10-08","Mon",1,1,213,187,187,"HI",null,254,0.73622047244094491,9]
["2007-09-29","2007-10-08","Mon",7,1,377,160,1120,"HI",null,377,0.4244031830238727,9]
["2007-09-29","2007-10-08","Mon",3,2,450,129,387,"HI","Y",450,0.28666666666666668,9]
["2007-09-29","2007-10-08","Mon",3,2,450,125,375,"HI",null,450,0.27777777777777779,9]
["2007-09-29","2007-10-08","Mon",7,1,377,125,875,"HI",null,377,0.33156498673740054,9]
["2007-08-31","2007-09-10","Mon",4,1,250,160,640,"HI","Y",254,0.62992125984251968,10]
["2007-09-03","2007-09-13","Thu",7,1,308,101,707,"HI",null,308,0.32792207792207795,10]
["2007-09-04","2007-09-14","Fri",4,1,272,140,560,"HI",null,272,0.51470588235294112,10]
["2007-09-04","2007-09-14","Fri",3,1,181,116,348,"HI",null,254,0.45669291338582679,10]
["2007-09-04","2007-09-14","Fri",3,1,181,103,309,"HI",null,254,0.40551181102362205,10]
["2007-09-05","2007-09-15","Sat",4,1,394,116,464,"HI","Y",394,0.29441624365482233,10]
["2007-09-07","2007-09-17","Mon",1,1,411,187,187,"HI",null,411,0.45498783454987834,10]
["2007-09-07","2007-09-17","Mon",1,1,411,178,178,"HI",null,411,0.43309002433090027,10]
["2007-09-07","2007-09-17","Mon",1,1,411,134,134,"HI",null,411,0.32603406326034062,10]
["2007-09-07","2007-09-17","Mon",2,1,"",107,214,"NR",null,254,0.42125984251968501,10]
["2007-09-07","2007-09-17","Mon",2,1,411,231,462,"HI",null,411,0.56204379562043794,10]
["2007-09-07","2007-09-17","Mon",1,1,"",231,231,"NR",null,254,0.90944881889763785,10]
["2007-09-07","2007-09-17","Mon",1,1,"",213,213,"NR",null,254,0.83858267716535428,10]
["2007-09-07","2007-09-17","Mon",3,1,411,194,582,"HI","Y",411,0.47201946472019463,10]
["2007-09-07","2007-09-17","Mon",1,1,411,143,143,"HI",null,411,0.34793187347931875,10]
["2007-09-07","2007-09-17","Mon",1,1,411,138,138,"HI",null,411,0.33576642335766421,10]
["2007-09-07","2007-09-17","Mon",2,1,450,121,242,"HI",null,450,0.2688888888888889,10]
["2007-09-09","2007-09-19","Wed",1,1,304,143,143,"HI",null,304,0.47039473684210525,10]
["2007-09-10","2007-09-20","Thu",1,2,236,107,107,"HI",null,254,0.42125984251968501,10]
["2007-09-12","2007-09-22","Sat",4,1,250,143,572,"HI",null,254,0.56299212598425197,10]
["2007-09-12","2007-09-22","Sat",1,2,181,116,116,"HI","Y",254,0.45669291338582679,10]
["2007-09-13","2007-09-23","Sun",1,1,250,99,99,"HI",null,254,0.38976377952755903,10]
["2007-09-18","2007-09-28","Fri",2,2,197,129,258,"HI","Y",254,0.50787401574803148,10]
["2007-09-15","2007-09-25","Tue",2,1,363,209,418,"HI",null,363,0.5757575757575758,10]
["2007-09-15","2007-09-25","Tue",3,1,331,195,585,"HI",null,331,0.58912386706948638,10]
["2007-09-15","2007-09-25","Tue",2,1,363,187,374,"HI",null,363,0.51515151515151514,10]
["2007-09-16","2007-09-26","Wed",4,1,331,143,572,"HI","Y",331,0.43202416918429004,10]
["2007-09-16","2007-09-26","Wed",4,1,331,112,448,"HI",null,331,0.33836858006042297,10]
["2007-09-17","2007-09-27","Thu",3,1,221,116,348,"HI",null,254,0.45669291338582679,10]
["2007-09-17","2007-09-27","Thu",2,1,248,113,226,"HI",null,254,0.44488188976377951,10]
["2007-09-17","2007-09-27","Thu",3,1,221,107,321,"HI",null,254,0.42125984251968501,10]
["2007-09-17","2007-09-27","Thu",3,1,221,103,309,"HI",null,254,0.40551181102362205,10]
["2007-09-17","2007-09-27","Thu",3,1,221,100,300,"HI",null,254,0.39370078740157483,10]
["2007-09-18","2007-09-28","Fri",2,1,120,103,206,"HI",null,254,0.40551181102362205,10]
["2007-09-21","2007-10-01","Mon",2,1,254,99,198,"HI",null,254,0.38976377952755903,10]
["2007-09-22","2007-10-02","Tue",3,2,254,107,321,"HI",null,254,0.42125984251968501,10]
["2007-09-22","2007-10-02","Tue",2,2,254,116,232,"HI",null,254,0.45669291338582679,10]
["2007-09-24","2007-10-04","Thu",3,1,411,116,348,"HI",null,411,0.28223844282238442,10]
["2007-09-24","2007-10-04","Thu",3,1,411,112,336,"HI",null,411,0.27250608272506083,10]
["2007-09-26","2007-10-06","Sat",5,1,364,107,535,"HI",null,364,0.29395604395604397,10]
["2007-09-26","2007-10-06","Sat",2,1,269,107,214,"HI",null,269,0.39776951672862454,10]
["2007-09-28","2007-10-08","Mon",4,1,367,143,572,"HI",null,367,0.38964577656675747,{"$f":"B962-A962","v":10}]
["2007-09-28","2007-10-08","Mon",1,1,213,107,107,"HI",null,254,{"$f":"G963/K963","v":0.42125984251968501},10]
["2007-09-29","2007-10-09","Tue",1,1,"",112,112,"NR",null,254,0.44094488188976377,10]
["2007-08-31","2007-09-11","Tue",2,1,308,116,232,"HI","Y",308,0.37662337662337664,11]
["2007-09-03","2007-09-14","Fri",4,1,272,139,556,"HI",null,272,0.51102941176470584,11]
["2007-09-05","2007-09-16","Sun",3,1,394,143,429,"HI",null,394,0.3629441624365482,11]
["2007-09-05","2007-09-16","Sun",3,1,394,143,429,"HI",null,394,0.3629441624365482,11]
["2007-09-07","2007-09-18","Tue",3,1,355,169,507,"HI",null,355,0.47605633802816899,11]
["2007-09-07","2007-09-18","Tue",2,1,387,151,302,"HI",null,387,0.39018087855297157,11]
["2007-09-07","2007-09-18","Tue",1,4,"",150,150,"NR",null,254,0.59055118110236215,11]
["2007-09-07","2007-09-18","Tue",1,2,"",231,231,"NR",null,254,0.90944881889763785,11]
["2007-09-07","2007-09-18","Tue",1,2,"",187,187,"NR",null,254,0.73622047244094491,11]
["2007-09-07","2007-09-18","Tue",2,1,355,173,346,"HI",null,355,0.48732394366197185,11]
["2007-09-09","2007-09-20","Thu",4,1,120,99,396,"HI",null,254,0.38976377952755903,11]
["2007-09-13","2007-09-24","Mon",2,1,250,117,234,"HI",null,254,0.46062992125984253,11]
["2007-09-18","2007-09-29","Sat",3,1,120,107,321,"HI","Y",254,0.42125984251968501,11]
["2007-09-18","2007-09-29","Sat",1,1,197,96,96,"HI",null,254,0.37795275590551181,11]
["2007-09-22","2007-10-03","Wed",3,1,331,103,309,"HI",null,331,0.31117824773413899,11]
["2007-09-24","2007-10-05","Fri",3,1,280,165,495,"HI",null,280,0.5892857142857143,11]
["2007-09-24","2007-10-05","Fri",4,1,280,134,536,"HI",null,280,0.47857142857142859,11]
["2007-09-24","2007-10-05","Fri",10,1,381,129,1290,"HI",null,381,0.33858267716535434,11]
["2007-09-28","2007-10-09","Tue",3,1,308,187,561,"HI",null,308,0.6071428571428571,11]
["2007-09-26","2007-10-07","Sun",2,1,120,107,214,"HI",null,254,0.42125984251968501,11]
["2007-09-27","2007-10-08","Mon",3,2,352,125,375,"HI",null,352,0.35511363636363635,11]
["2007-09-28","2007-10-09","Tue",1,1,"",178,178,"NR",null,254,0.70078740157480313,11]
["2007-09-28","2007-10-09","Tue",1,1,"",151,151,"NR",null,254,0.59448818897637801,11]
["2007-09-28","2007-10-09","Tue",2,1,"",112,224,"NR",null,254,0.44094488188976377,11]
["2007-09-29","2007-10-10","Wed",1,1,"",107,107,"NR",null,254,0.42125984251968501,11]
["2007-09-01","2007-09-13","Thu",2,1,246,105,210,"HI",null,254,0.41338582677165353,12]
["2007-09-02","2007-09-14","Fri",3,1,181,116,348,"HI",null,254,0.45669291338582679,12]
["2007-09-03","2007-09-15","Sat",4,1,355,121,484,"HI",null,355,0.3408450704225352,12]
["2007-09-04","2007-09-16","Sun",2,1,387,187,374,"HI",null,387,0.48320413436692505,12]
["2007-09-04","2007-09-16","Sun",2,1,387,187,374,"HI",null,387,0.48320413436692505,12]
["2007-09-04","2007-09-16","Sun",2,1,387,160,320,"HI",null,387,0.41343669250645992,12]
["2007-09-04","2007-09-16","Sun",4,1,"",96,384,"NR",null,254,0.37795275590551181,12]
["2007-09-05","2007-09-17","Mon",1,1,394,257,257,"HI",null,394,0.65228426395939088,12]
["2007-09-05","2007-09-17","Mon",2,1,"",165,330,"NR",null,254,0.64960629921259838,12]
["2007-09-05","2007-09-17","Mon",1,1,394,116,116,"HI",null,394,0.29441624365482233,12]
["2007-09-07","2007-09-19","Wed",4,3,304,143,572,"HI","Y",304,0.47039473684210525,12]
["2007-09-09","2007-09-21","Fri",2,1,120,99,198,"HI",null,254,0.38976377952755903,12]
["2007-09-13","2007-09-25","Tue",3,1,308,169,507,"HI",null,308,0.54870129870129869,12]
["2007-09-13","2007-09-25","Tue",3,1,308,156,468,"HI",null,308,0.50649350649350644,12]
["2007-09-18","2007-09-30","Sun",2,1,253,107,214,"HI",null,254,0.42125984251968501,12]
["2007-09-16","2007-09-28","Fri",2,1,120,96,192,"HI",null,254,0.37795275590551181,12]
["2007-09-18","2007-09-30","Sun",3,1,254,121,363,"HI",null,254,0.4763779527559055,12]
["2007-09-18","2007-09-30","Sun",2,1,254,112,224,"HI",null,254,0.44094488188976377,12]
["2007-09-20","2007-10-02","Tue",3,1,254,165,495,"HI",null,254,0.64960629921259838,12]
["2007-09-21","2007-10-03","Wed",2,1,331,209,418,"HI","Y",331,0.63141993957703924,12]
["2007-09-21","2007-10-03","Wed",3,1,331,98,294,"HI",null,331,0.29607250755287007,12]
["2007-09-22","2007-10-04","Thu",3,1,411,107,321,"HI",null,411,0.26034063260340634,12]
["2007-09-24","2007-10-06","Sat",4,1,268,143,572,"HI",null,268,0.53358208955223885,12]
["2007-09-24","2007-10-06","Sat",6,1,292,107,642,"HI",null,292,0.36643835616438358,12]
["2007-09-24","2007-10-06","Sat",2,1,269,106,212,"HI",null,269,0.39405204460966542,12]
["2007-09-28","2007-10-10","Wed",2,2,363,99,198,"HI",null,363,0.27272727272727271,12]
["2007-09-27","2007-10-09","Tue",3,1,411,160,480,"HI",null,411,0.38929440389294406,12]
["2007-09-27","2007-10-09","Tue",1,1,308,143,143,"HI",null,308,0.4642857142857143,12]
["2007-09-28","2007-10-10","Wed",2,1,363,165,330,"HI",null,363,0.45454545454545453,12]
["2007-09-28","2007-10-10","Wed",2,1,363,143,286,"HI",null,363,0.39393939393939392,12]
["2007-09-28","2007-10-10","Wed",1,1,"",107,107,"NR",null,254,0.42125984251968501,12]
["2007-09-01","2007-09-14","Fri",3,1,181,112,336,"HI",null,254,0.44094488188976377,13]
["2007-09-03","2007-09-16","Sun",2,1,387,125,250,"HI",null,387,0.32299741602067183,13]
["2007-09-03","2007-09-16","Sun",3,1,"",125,375,"NR",null,254,0.49212598425196852,13]
["2007-09-03","2007-09-16","Sun",3,1,"",125,375,"NR",null,254,0.49212598425196852,13]
["2007-09-03","2007-09-16","Sun",1,1,250,116,116,"HI",null,254,0.45669291338582679,13]
["2007-09-03","2007-09-16","Sun",3,1,"",107,321,"NR",null,254,0.42125984251968501,{"$f":"B1026-A1026","v":13}]
["2007-09-04","2007-09-17","Mon",1,1,"",195,195,"NR",null,254,{"$f":"G1027/K1027","v":0.76771653543307083},13]
["2007-09-05","2007-09-18","Tue",2,2,"",231,462,"NR",null,254,0.90944881889763785,13]
["2007-09-05","2007-09-18","Tue",1,1,"",212,212,"NR",null,254,0.83464566929133854,13]
["2007-09-05","2007-09-18","Tue",1,1,"",187,187,"NR",null,254,0.73622047244094491,13]
["2007-09-09","2007-09-22","Sat",1,1,180,116,116,"HI","Y",254,0.45669291338582679,13]
["2007-09-11","2007-09-24","Mon",3,1,363,105,315,"HI",null,363,0.28925619834710742,13]
["2007-09-11","2007-09-24","Mon",2,1,250,105,210,"HI",null,254,0.41338582677165353,13]
["2007-09-12","2007-09-25","Tue",3,1,308,143,429,"HI",null,308,0.4642857142857143,13]
["2007-09-15","2007-09-28","Fri",1,1,197,107,107,"HI",null,254,0.42125984251968501,13]
["2007-09-18","2007-10-01","Mon",3,3,254,151,453,"HI",null,254,0.59448818897637801,13]
["2007-09-20","2007-10-03","Wed",7,1,331,143,1001,"HI",null,331,0.43202416918429004,13]
["2007-09-21","2007-10-04","Thu",1,1,308,147,147,"HI",null,308,0.47727272727272729,13]
["2007-09-21","2007-10-04","Thu",4,1,396,143,572,"HI",null,396,0.3611111111111111,13]
["2007-09-21","2007-10-04","Thu",5,1,387,116,580,"HI",null,387,0.29974160206718348,13]
["2007-09-22","2007-10-05","Fri",2,1,280,121,242,"HI",null,280,0.43214285714285716,13]
["2007-09-22","2007-10-05","Fri",2,1,280,121,242,"HI",null,280,0.43214285714285716,13]
["2007-09-22","2007-10-05","Fri",4,1,280,121,484,"HI",null,280,0.43214285714285716,13]
["2007-09-26","2007-10-09","Tue",2,1,308,166,332,"HI",null,308,0.53896103896103897,13]
["2007-09-26","2007-10-09","Tue",5,1,284,165,825,"HI","Y",284,0.58098591549295775,13]
["2007-09-26","2007-10-09","Tue",1,1,264,103,103,"HI",null,264,0.39015151515151514,13]
["2007-09-27","2007-10-10","Wed",4,1,268,129,516,"HI",null,268,0.48134328358208955,13]
["2007-09-28","2007-10-11","Thu",3,1,254,116,348,"HI",null,254,0.45669291338582679,13]
["2007-09-29","2007-10-12","Fri",2,2,120,96,192,"HI",null,254,0.37795275590551181,13]
["2007-09-03","2007-09-17","Mon",1,1,"",169,169,"NR",null,254,0.66535433070866146,14]
["2007-09-03","2007-09-17","Mon",2,1,"",134,268,"NR","Y",254,0.52755905511811019,14]
["2007-09-04","2007-09-18","Tue",1,1,"",209,209,"NR",null,254,0.82283464566929132,14]
["2007-09-04","2007-09-18","Tue",1,2,"",151,151,"NR",null,254,0.59448818897637801,14]
["2007-09-04","2007-09-18","Tue",1,1,"",100,100,"NR",null,254,0.39370078740157483,14]
["2007-09-05","2007-09-19","Wed",1,1,308,99,99,"HI",null,308,0.32142857142857145,14]
["2007-09-07","2007-09-21","Fri",2,1,120,99,198,"HI",null,254,0.38976377952755903,14]
["2007-09-07","2007-09-21","Fri",4,1,246,107,428,"HI",null,254,0.42125984251968501,14]
["2007-09-07","2007-09-21","Fri",4,1,246,99,396,"HI",null,254,0.38976377952755903,14]
["2007-09-08","2007-09-22","Sat",4,2,284,147,588,"HI",null,284,0.51760563380281688,14]
["2007-09-10","2007-09-24","Mon",2,1,308,95,190,"HI",null,308,0.30844155844155846,14]
["2007-09-11","2007-09-25","Tue",3,1,308,143,429,"HI",null,308,0.4642857142857143,14]
["2007-09-12","2007-09-26","Wed",1,1,"",217,217,"NR",null,254,0.85433070866141736,14]
["2007-09-18","2007-10-02","Tue",1,2,254,107,107,"HI","Y",254,0.42125984251968501,14]
["2007-09-19","2007-10-03","Wed",2,1,331,187,374,"HI",null,331,0.56495468277945615,14]
["2007-09-19","2007-10-03","Wed",4,1,331,165,660,"HI","Y",331,0.49848942598187312,14]
["2007-09-20","2007-10-04","Thu",1,1,308,143,143,"HI","Y",308,0.4642857142857143,14]
["2007-09-22","2007-10-06","Sat",5,1,292,157,785,"HI",null,292,0.53767123287671237,14]
["2007-09-22","2007-10-06","Sat",4,1,268,125,500,"HI",null,268,0.46641791044776121,14]
["2007-09-28","2007-10-12","Fri",2,2,236,116,232,"HI","Y",254,0.45669291338582679,14]
["2007-09-28","2007-10-12","Fri",2,2,236,112,224,"HI",null,254,0.44094488188976377,14]
["2007-09-26","2007-10-10","Wed",1,1,363,116,116,"HI",null,363,0.31955922865013775,14]
["2007-09-26","2007-10-10","Wed",4,1,256,114,456,"HI",null,256,0.4453125,14]
["2007-09-29","2007-10-13","Sat",1,1,254,107,107,"HI","Y",254,0.42125984251968501,14]
["2007-09-02","2007-09-17","Mon",2,2,"",127,254,"NR",null,254,0.5,15]
["2007-09-02","2007-09-17","Mon",1,1,"",116,116,"NR",null,254,0.45669291338582679,15]
["2007-09-03","2007-09-18","Tue",1,1,"",187,187,"NR",null,254,0.73622047244094491,15]
["2007-09-03","2007-09-18","Tue",1,2,"",129,129,"NR",null,254,0.50787401574803148,15]
["2007-09-04","2007-09-19","Wed",2,1,308,125,250,"HI",null,308,0.40584415584415584,15]
["2007-09-07","2007-09-22","Sat",2,1,120,99,198,"HI",null,254,0.38976377952755903,15]
["2007-09-07","2007-09-22","Sat",1,1,180,99,99,"HI",null,254,0.38976377952755903,15]
["2007-09-07","2007-09-22","Sat",2,1,120,99,198,"HI",null,254,0.38976377952755903,15]
["2007-09-08","2007-09-23","Sun",3,3,260,147,441,"HI",null,260,0.56538461538461537,15]
["2007-09-09","2007-09-24","Mon",1,1,308,112,112,"HI",null,308,0.36363636363636365,15]
["2007-09-11","2007-09-26","Wed",1,1,"",187,187,"NR",null,254,0.73622047244094491,15]
["2007-09-11","2007-09-26","Wed",2,1,308,169,338,"HI",null,308,0.54870129870129869,15]
["2007-09-18","2007-10-03","Wed",1,1,308,125,125,"HI",null,308,0.40584415584415584,15]
["2007-09-18","2007-10-03","Wed",1,1,308,103,103,"HI","Y",308,0.33441558441558439,15]
["2007-09-17","2007-10-02","Tue",2,1,254,150,300,"HI",null,254,0.59055118110236215,15]
["2007-09-17","2007-10-02","Tue",1,2,254,114,114,"HI",null,254,0.44881889763779526,15]
["2007-09-18","2007-10-03","Wed",3,1,331,173,519,"HI",null,331,0.5226586102719033,{"$f":"B1090-A1090","v":15}]
["2007-09-18","2007-10-03","Wed",4,1,411,121,484,"HI",null,411,{"$f":"G1091/K1091","v":0.2944038929440389},15]
["2007-09-18","2007-10-03","Wed",4,1,411,103,412,"HI",null,411,0.25060827250608275,15]
["2007-09-18","2007-10-03","Wed",3,1,331,99,297,"HI",null,331,0.29909365558912387,15]
["2007-09-19","2007-10-04","Thu",4,1,308,187,748,"HI","Y",308,0.6071428571428571,15]
["2007-09-19","2007-10-04","Thu",6,1,308,128,768,"HI",null,308,0.41558441558441561,15]
["2007-09-19","2007-10-04","Thu",12,1,308,108,1296,"HI",null,308,0.35064935064935066,15]
["2007-09-19","2007-10-04","Thu",2,1,308,103,206,"HI",null,308,0.33441558441558439,15]
["2007-09-21","2007-10-06","Sat",2,1,269,112,224,"HI",null,269,0.41635687732342008,15]
["2007-09-28","2007-10-13","Sat",3,1,260,132,396,"HI",null,260,0.50769230769230766,15]
["2007-09-26","2007-10-11","Thu",3,1,254,112,336,"HI",null,254,0.44094488188976377,15]
["2007-09-28","2007-10-13","Sat",7,1,292,138,966,"HI",null,292,0.4726027397260274,15]
["2007-09-29","2007-10-14","Sun",5,1,268,173,865,"HI",null,268,0.64552238805970152,15]
["2007-08-31","2007-09-16","Sun",1,1,250,138,138,"HI","Y",254,0.54330708661417326,16]
["2007-09-01","2007-09-17","Mon",4,3,387,187,748,"HI",null,387,0.48320413436692505,16]
["2007-09-01","2007-09-17","Mon",4,3,387,165,660,"HI",null,387,0.4263565891472868,16]
["2007-09-07","2007-09-23","Sun",3,3,260,160,480,"HI",null,260,0.61538461538461542,16]
["2007-09-07","2007-09-23","Sun",12,1,256,134,1608,"HI",null,256,0.5234375,16]
["2007-09-07","2007-09-23","Sun",12,1,256,151,1812,"HI",null,256,0.58984375,16]
["2007-09-07","2007-09-23","Sun",5,1,260,134,670,"HI",null,260,0.51538461538461533,16]
["2007-09-07","2007-09-23","Sun",5,1,260,129,645,"HI",null,260,0.49615384615384617,16]
["2007-09-09","2007-09-25","Tue",5,1,284,165,825,"HI",null,284,0.58098591549295775,16]
["2007-09-09","2007-09-25","Tue",3,1,331,143,429,"HI",null,331,0.43202416918429004,16]
["2007-09-10","2007-09-26","Wed",1,1,"",213,213,"NR",null,254,0.83858267716535428,16]
["2007-09-10","2007-09-26","Wed",1,1,"",116,116,"NR",null,254,0.45669291338582679,16]
["2007-09-13","2007-09-29","Sat",4,1,253,121,484,"HI","Y",254,0.4763779527559055,16]
["2007-09-13","2007-09-29","Sat",1,2,197,112,112,"HI",null,254,0.44094488188976377,16]
["2007-09-13","2007-09-29","Sat",1,1,197,99,99,"HI",null,254,0.38976377952755903,16]
["2007-09-18","2007-10-04","Thu",1,2,308,160,160,"HI",null,308,0.51948051948051943,16]
["2007-09-18","2007-10-04","Thu",2,1,308,129,258,"HI",null,308,0.41883116883116883,16]
["2007-09-18","2007-10-04","Thu",2,1,308,125,250,"HI",null,308,0.40584415584415584,16]
["2007-09-17","2007-10-03","Wed",2,1,331,187,374,"HI","Y",331,0.56495468277945615,16]
["2007-09-17","2007-10-03","Wed",5,1,411,107,535,"HI","Y",411,0.26034063260340634,16]
["2007-09-18","2007-10-04","Thu",1,1,"",117,117,"NR",null,254,0.46062992125984253,16]
["2007-09-19","2007-10-05","Fri",3,1,236,128,384,"HI","Y",254,0.50393700787401574,16]
["2007-09-19","2007-10-05","Fri",2,3,254,100,200,"HI",null,254,0.39370078740157483,16]
["2007-09-24","2007-10-10","Wed",3,1,284,160,480,"HI",null,284,0.56338028169014087,16]
["2007-09-28","2007-10-14","Sun",5,1,268,165,825,"HI",null,268,0.61567164179104472,16]
["2007-09-26","2007-10-12","Fri",5,1,268,100,500,"HI",null,268,0.37313432835820898,16]
["2007-09-28","2007-10-14","Sun",5,1,292,160,800,"HI",null,292,0.54794520547945202,16]
["2007-09-29","2007-10-15","Mon",2,2,"",107,214,"NR",null,254,0.42125984251968501,16]
["2007-08-31","2007-09-17","Mon",2,2,"",124,248,"NR",null,254,0.48818897637795278,17]
["2007-08-31","2007-09-17","Mon",2,2,"",124,248,"NR",null,254,0.48818897637795278,17]
["2007-09-03","2007-09-20","Thu",3,1,180,107,321,"HI",null,254,0.42125984251968501,17]
["2007-09-05","2007-09-22","Sat",4,3,284,134,536,"HI",null,284,0.47183098591549294,17]
["2007-09-07","2007-09-24","Mon",1,1,250,113,113,"HI",null,254,0.44488188976377951,17]
["2007-09-11","2007-09-28","Fri",2,1,197,102,204,"HI",null,254,0.40157480314960631,17]
["2007-09-16","2007-10-03","Wed",1,1,308,187,187,"HI",null,308,0.6071428571428571,17]
["2007-09-18","2007-10-05","Fri",4,1,280,143,572,"HI",null,280,0.51071428571428568,17]
["2007-09-20","2007-10-07","Sun",1,1,254,103,103,"HI",null,254,0.40551181102362205,17]
["2007-09-21","2007-10-08","Mon",4,1,308,200,800,"HI","Y",308,0.64935064935064934,17]
["2007-09-21","2007-10-08","Mon",2,1,254,165,330,"HI","Y",254,0.64960629921259838,17]
["2007-09-21","2007-10-08","Mon",6,1,308,121,726,"HI",null,308,0.39285714285714285,17]
["2007-09-24","2007-10-11","Thu",2,1,254,111,222,"HI",null,254,0.43700787401574803,17]
["2007-09-28","2007-10-15","Mon",1,1,308,165,165,"HI",null,308,0.5357142857142857,17]
["2007-09-27","2007-10-14","Sun",5,1,268,165,825,"HI",null,268,0.61567164179104472,17]
["2007-08-31","2007-09-18","Tue",1,1,"",195,195,"NR",null,254,0.76771653543307083,18]
["2007-09-03","2007-09-21","Fri",2,2,180,99,198,"HI",null,254,0.38976377952755903,18]
["2007-09-04","2007-09-22","Sat",4,3,284,125,500,"HI",null,284,0.44014084507042256,18]
["2007-09-07","2007-09-25","Tue",3,1,308,151,453,"HI",null,308,0.49025974025974028,18]
["2007-09-07","2007-09-25","Tue",3,1,308,143,429,"HI","Y",308,0.4642857142857143,18]
["2007-09-07","2007-09-25","Tue",3,1,308,125,375,"HI",null,308,0.40584415584415584,18]
["2007-09-07","2007-09-25","Tue",1,3,308,181,181,"HI",null,308,0.58766233766233766,18]
["2007-09-09","2007-09-27","Thu",2,1,248,116,232,"HI",null,254,0.45669291338582679,18]
["2007-09-13","2007-10-01","Mon",5,1,375,125,625,"HI",null,375,0.33333333333333331,{"$f":"B1154-A1154","v":18}]
["2007-09-15","2007-10-03","Wed",1,1,308,129,129,"HI",null,308,{"$f":"G1155/K1155","v":0.41883116883116883},18]
["2007-09-16","2007-10-04","Thu",1,1,"",156,156,"NR",null,254,0.61417322834645671,18]
["2007-09-20","2007-10-08","Mon",6,1,308,116,696,"HI",null,308,0.37662337662337664,18]
["2007-09-21","2007-10-09","Tue",3,2,308,125,375,"HI",null,308,0.40584415584415584,18]
["2007-09-22","2007-10-10","Wed",3,1,284,136,408,"HI",null,284,0.47887323943661969,18]
["2007-09-26","2007-10-14","Sun",2,1,260,107,214,"HI",null,260,0.41153846153846152,18]
["2007-09-29","2007-10-17","Wed",1,1,308,107,107,"HI",null,308,0.34740259740259738,18]
["2007-09-04","2007-09-23","Sun",1,1,250,121,121,"HI","Y",254,0.4763779527559055,19]
["2007-09-05","2007-09-24","Mon",3,1,363,125,375,"HI",null,363,0.34435261707988979,19]
["2007-09-07","2007-09-26","Wed",1,1,"",116,116,"NR",null,254,0.45669291338582679,19]
["2007-09-07","2007-09-26","Wed",1,1,"",112,112,"NR",null,254,0.44094488188976377,19]
["2007-09-07","2007-09-26","Wed",1,1,"",107,107,"NR",null,254,0.42125984251968501,19]
["2007-09-07","2007-09-26","Wed",1,1,"",121,121,"NR",null,254,0.4763779527559055,19]
["2007-09-15","2007-10-04","Thu",4,1,396,125,500,"HI",null,396,0.31565656565656564,19]
["2007-09-18","2007-10-07","Sun",3,1,254,143,429,"HI",null,254,0.56299212598425197,19]
["2007-09-19","2007-10-08","Mon",3,1,254,143,429,"HI",null,254,0.56299212598425197,19]
["2007-09-19","2007-10-08","Mon",8,1,260,118,944,"HI","Y",260,0.45384615384615384,19]
["2007-09-19","2007-10-08","Mon",6,1,254,112,672,"HI",null,254,0.44094488188976377,19]
["2007-09-20","2007-10-09","Tue",1,1,254,221,221,"HI","Y",254,0.87007874015748032,19]
["2007-09-20","2007-10-09","Tue",1,1,254,187,187,"HI",null,254,0.73622047244094491,19]
["2007-09-20","2007-10-09","Tue",2,1,308,143,286,"HI",null,308,0.4642857142857143,19]
["2007-09-22","2007-10-11","Thu",2,1,254,109,218,"HI",null,254,0.42913385826771655,19]
["2007-09-28","2007-10-17","Wed",3,1,308,141,423,"HI",null,308,0.45779220779220781,19]
["2007-09-07","2007-09-27","Thu",2,1,248,112,224,"HI",null,254,0.44094488188976377,20]
["2007-09-07","2007-09-27","Thu",2,1,248,107,214,"HI",null,254,0.42125984251968501,20]
["2007-09-07","2007-09-27","Thu",3,1,221,107,321,"HI",null,254,0.42125984251968501,20]
["2007-09-07","2007-09-27","Thu",3,1,221,102,306,"HI",null,254,0.40157480314960631,20]
["2007-09-07","2007-09-27","Thu",2,1,248,99,198,"HI",null,254,0.38976377952755903,20]
["2007-09-07","2007-09-27","Thu",3,1,221,99,297,"HI",null,254,0.38976377952755903,20]
["2007-09-07","2007-09-27","Thu",1,2,260,129,129,"HI",null,260,0.49615384615384617,20]
["2007-09-07","2007-09-27","Thu",3,1,221,112,336,"HI",null,254,0.44094488188976377,20]
["2007-09-07","2007-09-27","Thu",2,1,248,103,206,"HI",null,254,0.40551181102362205,20]
["2007-09-07","2007-09-27","Thu",2,1,248,99,198,"HI",null,254,0.38976377952755903,20]
["2007-09-09","2007-09-29","Sat",2,1,120,103,206,"HI",null,254,0.40551181102362205,20]
["2007-09-11","2007-10-01","Mon",3,1,256,143,429,"HI",null,256,0.55859375,20]
["2007-09-11","2007-10-01","Mon",3,3,256,112,336,"HI",null,256,0.4375,20]
["2007-09-13","2007-10-03","Wed",4,1,396,165,660,"HI","Y",396,0.41666666666666669,20]
["2007-09-18","2007-10-08","Mon",6,1,252,103,618,"HI",null,254,0.40551181102362205,20]
["2007-09-16","2007-10-06","Sat",1,1,"",121,121,"NR","Y",254,0.4763779527559055,20]
["2007-09-17","2007-10-07","Sun",2,2,254,107,214,"HI",null,254,0.42125984251968501,20]
["2007-09-18","2007-10-08","Mon",6,1,252,108,648,"HI",null,254,0.42519685039370081,20]
["2007-09-19","2007-10-09","Tue",5,1,254,187,935,"HI",null,254,0.73622047244094491,20]
["2007-09-19","2007-10-09","Tue",1,1,254,147,147,"HI",null,254,0.57874015748031493,20]
["2007-09-19","2007-10-09","Tue",1,1,254,132,132,"HI",null,254,0.51968503937007871,20]
["2007-09-20","2007-10-10","Wed",4,1,260,129,516,"HI",null,260,0.49615384615384617,20]
["2007-09-21","2007-10-11","Thu",2,1,254,100,200,"HI",null,254,0.39370078740157483,20]
["2007-09-24","2007-10-14","Sun",5,1,268,173,865,"HI",null,268,0.64552238805970152,20]
["2007-09-28","2007-10-18","Thu",3,1,254,165,495,"HI",null,254,0.64960629921259838,20]
["2007-09-02","2007-09-23","Sun",2,1,250,107,214,"HI",null,254,0.42125984251968501,21]
["2007-09-03","2007-09-24","Mon",6,2,284,108,648,"HI",null,284,0.38028169014084506,21]
["2007-09-04","2007-09-25","Tue",1,1,308,209,209,"HI",null,308,0.6785714285714286,21]
["2007-09-05","2007-09-26","Wed",2,1,308,129,258,"HI",null,308,0.41883116883116883,21]
["2007-09-07","2007-09-28","Fri",2,1,195,99,198,"HI",null,254,0.38976377952755903,21]
["2007-09-10","2007-10-01","Mon",3,1,256,182,546,"HI",null,256,0.7109375,21]
["2007-09-12","2007-10-03","Wed",2,2,331,125,250,"HI","Y",331,0.37764350453172207,21]
["2007-09-12","2007-10-03","Wed",2,2,331,121,242,"HI",null,331,0.36555891238670696,21]
["2007-09-12","2007-10-03","Wed",1,1,308,121,121,"HI",null,308,0.39285714285714285,21]
["2007-09-12","2007-10-03","Wed",2,1,331,116,232,"HI",null,331,0.35045317220543809,21]
["2007-09-13","2007-10-04","Thu",2,1,"",116,232,"NR",null,254,0.45669291338582679,21]
["2007-09-13","2007-10-04","Thu",2,1,"",116,232,"NR",null,254,0.45669291338582679,21]
["2007-09-15","2007-10-06","Sat",1,1,"",121,121,"NR","Y",254,0.4763779527559055,21]
["2007-09-17","2007-10-08","Mon",2,1,254,191,382,"HI",null,254,0.75196850393700787,21]
["2007-09-17","2007-10-08","Mon",2,1,254,178,356,"HI",null,254,0.70078740157480313,21]
["2007-09-17","2007-10-08","Mon",2,1,254,165,330,"HI",null,254,0.64960629921259838,{"$f":"B1218-A1218","v":21}]
["2007-09-17","2007-10-08","Mon",2,1,254,143,286,"HI",null,254,{"$f":"G1219/K1219","v":0.56299212598425197},21]
["2007-09-17","2007-10-08","Mon",3,2,254,125,375,"HI",null,254,0.49212598425196852,21]
["2007-09-17","2007-10-08","Mon",2,1,254,99,198,"HI",null,254,0.38976377952755903,21]
["2007-09-19","2007-10-10","Wed",3,1,254,125,375,"HI",null,254,0.49212598425196852,21]
["2007-09-20","2007-10-11","Thu",4,1,236,143,572,"HI",null,254,0.56299212598425197,21]
["2007-09-20","2007-10-11","Thu",2,1,254,107,214,"HI",null,254,0.42125984251968501,21]
["2007-09-21","2007-10-12","Fri",3,1,236,169,507,"HI","Y",254,0.66535433070866146,21]
["2007-09-21","2007-10-12","Fri",3,1,236,151,453,"HI",null,254,0.59448818897637801,21]
["2007-09-21","2007-10-12","Fri",3,1,236,143,429,"HI",null,254,0.56299212598425197,21]
["2007-09-21","2007-10-12","Fri",3,1,236,143,429,"HI",null,254,0.56299212598425197,21]
["2007-09-21","2007-10-12","Fri",3,1,236,134,402,"HI",null,254,0.52755905511811019,21]
["2007-09-21","2007-10-12","Fri",1,2,236,125,125,"HI",null,254,0.49212598425196852,21]
["2007-09-21","2007-10-12","Fri",3,1,236,125,375,"HI",null,254,0.49212598425196852,21]
["2007-09-21","2007-10-12","Fri",3,1,236,116,348,"HI",null,254,0.45669291338582679,21]
["2007-09-22","2007-10-13","Sat",7,1,292,138,966,"HI",null,292,0.4726027397260274,21]
["2007-09-24","2007-10-15","Mon",3,1,308,143,429,"HI",null,308,0.4642857142857143,21]
["2007-09-28","2007-10-19","Fri",2,1,269,151,302,"HI",null,269,0.56133828996282531,21]
["2007-09-28","2007-10-19","Fri",3,1,355,138,414,"HI",null,355,0.38873239436619716,21]
["2007-09-26","2007-10-17","Wed",2,1,308,121,242,"HI",null,308,0.39285714285714285,21]
["2007-09-29","2007-10-20","Sat",3,3,"",143,429,"NR",null,254,0.56299212598425197,21]
["2007-09-29","2007-10-20","Sat",2,1,264,134,268,"HI",null,264,0.50757575757575757,21]
["2007-09-01","2007-09-23","Sun",2,1,250,112,224,"HI",null,254,0.44094488188976377,22]
["2007-09-03","2007-09-25","Tue",3,1,308,143,429,"HI",null,308,0.4642857142857143,22]
["2007-09-09","2007-10-01","Mon",6,1,308,173,1038,"HI","Y",308,0.56168831168831168,22]
["2007-09-12","2007-10-04","Thu",2,1,411,116,232,"HI",null,411,0.28223844282238442,22]
["2007-09-12","2007-10-04","Thu",2,1,411,116,232,"HI",null,411,0.28223844282238442,22]
["2007-09-12","2007-10-04","Thu",2,1,411,107,214,"HI",null,411,0.26034063260340634,22]
["2007-09-18","2007-10-10","Wed",3,1,256,126,378,"HI",null,256,0.4921875,22]
["2007-09-16","2007-10-08","Mon",3,2,254,129,387,"HI",null,254,0.50787401574803148,22]
["2007-09-17","2007-10-09","Tue",1,1,254,139,139,"HI",null,254,0.547244094488189,22]
["2007-09-18","2007-10-10","Wed",2,1,331,173,346,"HI",null,331,0.5226586102719033,22]
["2007-09-18","2007-10-10","Wed",3,1,254,156,468,"HI",null,254,0.61417322834645671,22]
["2007-09-18","2007-10-10","Wed",3,1,254,134,402,"HI",null,254,0.52755905511811019,22]
["2007-09-18","2007-10-10","Wed",2,1,331,121,242,"HI",null,331,0.36555891238670696,22]
["2007-09-20","2007-10-12","Fri",1,1,236,121,121,"HI",null,254,0.4763779527559055,22]
["2007-09-22","2007-10-14","Sun",5,1,308,169,845,"HI",null,308,0.54870129870129869,22]
["2007-09-22","2007-10-14","Sun",2,1,284,143,286,"HI",null,284,0.50352112676056338,22]
["2007-09-27","2007-10-19","Fri",2,1,264,151,302,"HI",null,264,0.57196969696969702,22]
["2007-09-27","2007-10-19","Fri",2,1,264,107,214,"HI",null,264,0.40530303030303028,22]
["2007-09-28","2007-10-20","Sat",2,1,264,147,294,"HI",null,264,0.55681818181818177,22]
["2007-09-28","2007-10-20","Sat",1,1,264,143,143,"HI",null,264,0.54166666666666663,22]
["2007-09-28","2007-10-20","Sat",2,1,264,129,258,"HI",null,264,0.48863636363636365,22]
["2007-09-03","2007-09-26","Wed",2,1,363,125,250,"HI",null,363,0.34435261707988979,23]
["2007-09-05","2007-09-28","Fri",2,1,195,121,242,"HI","Y",254,0.4763779527559055,23]
["2007-09-05","2007-09-28","Fri",3,1,164,118,354,"HI",null,254,0.46456692913385828,23]
["2007-09-15","2007-10-08","Mon",6,1,252,106,636,"HI",null,254,0.41732283464566927,23]
["2007-09-16","2007-10-09","Tue",1,1,254,141,141,"HI",null,254,0.55511811023622049,23]
["2007-09-22","2007-10-15","Mon",3,1,308,99,297,"HI","Y",308,0.32142857142857145,23]
["2007-09-22","2007-10-15","Mon",3,1,308,97,291,"HI",null,308,0.31493506493506496,23]
["2007-09-24","2007-10-17","Wed",3,1,331,160,480,"HI",null,331,0.48338368580060426,23]
["2007-09-26","2007-10-19","Fri",3,1,355,107,321,"HI",null,355,0.30140845070422534,23]
["2007-09-27","2007-10-20","Sat",3,1,"",143,429,"NR",null,254,0.56299212598425197,23]
["2007-09-28","2007-10-21","Sun",1,1,264,160,160,"HI",null,264,0.60606060606060608,23]
["2007-09-04","2007-09-28","Fri",2,1,195,116,232,"HI","Y",254,0.45669291338582679,24]
["2007-09-09","2007-10-03","Wed",4,1,272,138,552,"HI",null,272,0.50735294117647056,24]
["2007-09-09","2007-10-03","Wed",4,1,272,103,412,"HI",null,272,0.37867647058823528,24]
["2007-09-12","2007-10-06","Sat",1,1,308,121,121,"HI","Y",308,0.39285714285714285,24]
["2007-09-12","2007-10-06","Sat",3,1,252,107,321,"HI",null,254,0.42125984251968501,24]
["2007-09-18","2007-10-12","Fri",2,1,213,98,196,"HI",null,254,0.38582677165354329,24]
["2007-09-17","2007-10-11","Thu",2,1,248,100,200,"HI",null,254,0.39370078740157483,24]
["2007-09-18","2007-10-12","Fri",3,1,221,134,402,"HI","Y",254,0.52755905511811019,24]
["2007-09-20","2007-10-14","Sun",5,1,256,165,825,"HI",null,256,0.64453125,24]
["2007-09-24","2007-10-18","Thu",3,1,254,160,480,"HI","Y",254,0.62992125984251968,24]
["2007-09-26","2007-10-20","Sat",3,1,"",151,453,"NR",null,254,0.59448818897637801,{"$f":"B1282-A1282","v":24}]
["2007-09-26","2007-10-20","Sat",2,1,269,143,286,"HI",null,269,{"$f":"G1283/K1283","v":0.53159851301115246},24]
["2007-09-27","2007-10-21","Sun",1,1,256,138,138,"HI",null,256,0.5390625,24]
["2007-09-03","2007-09-28","Fri",3,1,164,115,345,"HI",null,254,0.452755905511811,25]
["2007-09-03","2007-09-28","Fri",2,1,195,113,226,"HI",null,254,0.44488188976377951,25]
["2007-09-09","2007-10-04","Thu",4,1,272,138,552,"HI",null,272,0.50735294117647056,25]
["2007-09-09","2007-10-04","Thu",4,1,272,129,516,"HI",null,272,0.47426470588235292,25]
["2007-09-09","2007-10-04","Thu",4,1,272,107,428,"HI",null,272,0.39338235294117646,25]
["2007-09-09","2007-10-04","Thu",4,1,272,99,396,"HI",null,272,0.3639705882352941,25]
["2007-09-11","2007-10-06","Sat",1,1,"",117,117,"NR",null,254,0.46062992125984253,25]
["2007-09-13","2007-10-08","Mon",3,1,256,125,375,"HI",null,256,0.48828125,25]
["2007-09-13","2007-10-08","Mon",6,1,252,99,594,"HI",null,254,0.38976377952755903,25]
["2007-09-16","2007-10-11","Thu",2,1,248,104,208,"HI",null,254,0.40944881889763779,25]
["2007-09-19","2007-10-14","Sun",5,1,284,160,800,"HI",null,284,0.56338028169014087,25]
["2007-09-22","2007-10-17","Wed",3,1,363,143,429,"HI",null,363,0.39393939393939392,25]
["2007-09-24","2007-10-19","Fri",3,1,355,209,627,"HI","Y",355,0.58873239436619718,25]
["2007-09-26","2007-10-21","Sun",1,2,256,97,97,"HI",null,256,0.37890625,25]
["2007-08-31","2007-09-26","Wed",2,1,363,231,462,"HI",null,363,0.63636363636363635,26]
["2007-08-31","2007-09-26","Wed",2,1,363,125,250,"HI",null,363,0.34435261707988979,26]
["2007-09-07","2007-10-03","Wed",4,1,248,125,500,"HI",null,254,0.49212598425196852,26]
["2007-09-07","2007-10-03","Wed",3,1,284,121,363,"HI",null,284,0.426056338028169,26]
["2007-09-07","2007-10-03","Wed",4,1,272,107,428,"HI",null,272,0.39338235294117646,26]
["2007-09-09","2007-10-05","Fri",3,1,244,142,426,"HI","Y",254,0.55905511811023623,26]
["2007-09-13","2007-10-09","Tue",1,1,256,123,123,"HI",null,256,0.48046875,26]
["2007-09-15","2007-10-11","Thu",2,1,248,99,198,"HI",null,254,0.38976377952755903,26]
["2007-09-20","2007-10-16","Tue",1,1,"",204,204,"NR",null,254,0.80314960629921262,26]
["2007-09-20","2007-10-16","Tue",1,1,"",187,187,"NR",null,254,0.73622047244094491,26]
["2007-09-20","2007-10-16","Tue",1,1,"",160,160,"NR",null,254,0.62992125984251968,26]
["2007-09-20","2007-10-16","Tue",2,1,"",143,286,"NR",null,254,0.56299212598425197,26]
["2007-09-20","2007-10-16","Tue",1,1,"",143,143,"NR",null,254,0.56299212598425197,26]
["2007-09-20","2007-10-16","Tue",2,1,"",134,268,"NR",null,254,0.52755905511811019,26]
["2007-09-24","2007-10-20","Sat",1,1,331,137,137,"HI",null,331,0.41389728096676737,26]
["2007-09-28","2007-10-24","Wed",4,1,"",173,692,"NR","Y",254,0.68110236220472442,26]
["2007-09-28","2007-10-24","Wed",4,1,"",165,660,"NR",null,254,0.64960629921259838,26]
["2007-09-28","2007-10-24","Wed",4,1,"",153,612,"NR",null,254,0.60236220472440949,26]
["2007-09-28","2007-10-24","Wed",4,1,"",143,572,"NR",null,254,0.56299212598425197,26]
["2007-09-28","2007-10-24","Wed",1,1,"",138,138,"NR",null,254,0.54330708661417326,26]
["2007-09-28","2007-10-24","Wed",4,1,"",134,536,"NR",null,254,0.52755905511811019,26]
["2007-09-02","2007-09-29","Sat",1,1,195,112,112,"HI",null,254,0.44094488188976377,27]
["2007-09-03","2007-09-30","Sun",1,1,250,103,103,"HI","Y",254,0.40551181102362205,27]
["2007-09-08","2007-10-05","Fri",3,1,244,129,387,"HI",null,254,0.50787401574803148,27]
["2007-09-11","2007-10-08","Mon",3,1,256,143,429,"HI",null,256,0.55859375,27]
["2007-09-11","2007-10-08","Mon",2,1,256,121,242,"HI",null,256,0.47265625,27]
["2007-09-12","2007-10-09","Tue",1,1,308,143,143,"HI",null,308,0.4642857142857143,27]
["2007-09-12","2007-10-09","Tue",1,1,256,135,135,"HI",null,256,0.52734375,27]
["2007-09-12","2007-10-09","Tue",1,1,256,134,134,"HI","Y",256,0.5234375,27]
["2007-09-13","2007-10-10","Wed",2,1,331,129,258,"HI",null,331,0.38972809667673713,27]
["2007-09-18","2007-10-15","Mon",1,1,256,173,173,"HI",null,256,0.67578125,27]
["2007-09-16","2007-10-13","Sat",7,1,253,138,966,"HI",null,254,0.54330708661417326,27]
["2007-09-17","2007-10-14","Sun",2,1,254,195,390,"HI","Y",254,0.76771653543307083,27]
["2007-09-17","2007-10-14","Sun",5,1,284,143,715,"HI",null,284,0.50352112676056338,27]
["2007-09-19","2007-10-16","Tue",2,1,"",125,250,"NR",null,254,0.49212598425196852,27]
["2007-09-20","2007-10-17","Wed",4,1,363,230,920,"HI",null,363,0.63360881542699721,27]
["2007-09-20","2007-10-17","Wed",2,1,363,209,418,"HI",null,363,0.5757575757575758,27]
["2007-09-20","2007-10-17","Wed",3,1,363,116,348,"HI",null,363,0.31955922865013775,27]
["2007-09-24","2007-10-21","Sun",1,2,331,99,99,"HI",null,331,0.29909365558912387,27]
["2007-09-28","2007-10-25","Thu",3,1,236,143,429,"HI",null,254,0.56299212598425197,27]
["2007-09-28","2007-10-25","Thu",3,1,236,136,408,"HI",null,254,0.53543307086614178,27]
["2007-09-27","2007-10-24","Wed",4,1,"",143,572,"NR",null,254,0.56299212598425197,27]
["2007-09-27","2007-10-24","Wed",1,1,"",125,125,"NR",null,254,0.49212598425196852,27]
["2007-09-01","2007-09-29","Sat",10,1,284,129,1290,"HI",null,284,0.45422535211267606,28]
["2007-09-04","2007-10-02","Tue",1,1,308,99,99,"HI",null,308,0.32142857142857145,28]
["2007-09-09","2007-10-07","Sun",2,4,256,103,206,"HI",null,256,0.40234375,28]
["2007-09-11","2007-10-09","Tue",1,1,256,126,126,"HI",null,256,0.4921875,28]
["2007-09-12","2007-10-10","Wed",4,1,248,151,604,"HI","Y",254,0.59448818897637801,{"$f":"B1346-A1346","v":28}]
["2007-09-12","2007-10-10","Wed",1,1,331,107,107,"HI",null,331,{"$f":"G1347/K1347","v":0.32326283987915405},28]
["2007-09-13","2007-10-11","Thu",2,1,248,99,198,"HI",null,254,0.38976377952755903,28]
["2007-09-16","2007-10-14","Sun",2,1,254,133,266,"HI","Y",254,0.52362204724409445,28]
["2007-09-18","2007-10-16","Tue",4,1,"",187,748,"NR",null,254,0.73622047244094491,28]
["2007-09-18","2007-10-16","Tue",7,1,"",109,763,"NR",null,254,0.42913385826771655,28]
["2007-09-19","2007-10-17","Wed",1,1,308,151,151,"HI",null,308,0.49025974025974028,28]
["2007-09-21","2007-10-19","Fri",2,1,254,143,286,"HI",null,254,0.56299212598425197,28]
["2007-09-21","2007-10-19","Fri",3,1,331,112,336,"HI",null,331,0.33836858006042297,28]
["2007-09-26","2007-10-24","Wed",1,1,"",150,150,"NR",null,254,0.59055118110236215,28]
["2007-08-31","2007-09-29","Sat",10,1,284,134,1340,"HI",null,284,0.47183098591549294,29]
["2007-09-04","2007-10-03","Wed",4,1,248,116,464,"HI",null,254,0.45669291338582679,29]
["2007-09-07","2007-10-06","Sat",1,1,236,106,106,"HI",null,254,0.41732283464566927,29]
["2007-09-07","2007-10-06","Sat",7,1,277,143,1001,"HI","Y",277,0.51624548736462095,29]
["2007-09-07","2007-10-06","Sat",7,1,277,124,868,"HI",null,277,0.44765342960288806,29]
["2007-09-09","2007-10-08","Mon",2,1,256,117,234,"HI",null,256,0.45703125,29]
["2007-09-10","2007-10-09","Tue",1,1,256,125,125,"HI",null,256,0.48828125,29]
["2007-09-11","2007-10-10","Wed",3,1,256,156,468,"HI",null,256,0.609375,29]
["2007-09-12","2007-10-11","Thu",2,1,248,97,194,"HI",null,254,0.38188976377952755,29]
["2007-09-18","2007-10-17","Wed",5,1,308,160,800,"HI",null,308,0.51948051948051943,29]
["2007-09-18","2007-10-17","Wed",5,1,308,160,800,"HI",null,308,0.51948051948051943,29]
["2007-09-18","2007-10-17","Wed",5,1,308,143,715,"HI",null,308,0.4642857142857143,29]
["2007-09-15","2007-10-14","Sun",5,1,260,165,825,"HI",null,260,0.63461538461538458,29]
["2007-09-17","2007-10-16","Tue",2,2,"",257,514,"NR",null,277.2,0.92712842712842713,29]
["2007-09-17","2007-10-16","Tue",2,2,"",214,428,"NR",null,254,0.84251968503937003,29]
["2007-09-17","2007-10-16","Tue",2,2,"",179,358,"NR",null,254,0.70472440944881887,29]
["2007-09-17","2007-10-16","Tue",4,2,"",143,572,"NR",null,254,0.56299212598425197,29]
["2007-09-18","2007-10-17","Wed",2,1,331,187,374,"HI",null,331,0.56495468277945615,29]
["2007-09-19","2007-10-18","Thu",1,1,254,121,121,"HI",null,254,0.4763779527559055,29]
["2007-09-20","2007-10-19","Fri",4,1,"",152,608,"NP",null,254,0.59842519685039375,29]
["2007-09-20","2007-10-19","Fri",2,1,254,124,248,"HI",null,254,0.48818897637795278,29]
["2007-09-22","2007-10-21","Sun",5,1,"",115,575,"NR","Y",254,0.452755905511811,29]
["2007-09-22","2007-10-21","Sun",1,2,331,103,103,"HI",null,331,0.31117824773413899,29]
["2007-09-02","2007-10-02","Tue",3,1,308,187,561,"HI",null,308,0.6071428571428571,30]
["2007-09-03","2007-10-03","Wed",4,1,248,112,448,"HI",null,254,0.44094488188976377,30]
["2007-09-05","2007-10-05","Fri",3,1,244,121,363,"HI",null,254,0.4763779527559055,30]
["2007-09-05","2007-10-05","Fri",2,1,236,116,232,"HI",null,254,0.45669291338582679,30]
["2007-09-07","2007-10-07","Sun",3,1,256,125,375,"HI",null,256,0.48828125,30]
["2007-09-09","2007-10-09","Tue",1,1,256,118,118,"HI",null,256,0.4609375,30]
["2007-09-10","2007-10-10","Wed",2,1,"",143,286,"NR",null,254,0.56299212598425197,30]
["2007-09-12","2007-10-12","Fri",2,1,213,143,286,"HI","Y",254,0.56299212598425197,30]
["2007-09-13","2007-10-13","Sat",3,1,252,112,336,"HI",null,254,0.44094488188976377,30]
["2007-09-18","2007-10-18","Thu",1,1,254,134,134,"HI",null,254,0.52755905511811019,30]
["2007-09-19","2007-10-19","Fri",5,1,"",160,800,"NP","Y",254,0.62992125984251968,30]
["2007-09-19","2007-10-19","Fri",2,3,254,112,224,"HI",null,254,0.44094488188976377,30]
["2007-09-19","2007-10-19","Fri",2,3,254,99,198,"HI",null,254,0.38976377952755903,30]
["2007-09-20","2007-10-20","Sat",3,1,"",143,429,"NP",null,254,0.56299212598425197,30]
["2007-09-27","2007-10-27","Sat",4,1,120,107,428,"HI",null,254,0.42125984251968501,30]
["2007-09-02","2007-10-03","Wed",4,1,248,103,412,"HI",null,254,0.40551181102362205,31]
["2007-09-07","2007-10-08","Mon",1,1,256,143,143,"HI",null,256,0.55859375,31]
["2007-09-08","2007-10-09","Tue",1,1,256,114,114,"HI",null,256,0.4453125,31]
["2007-09-09","2007-10-10","Wed",1,1,"",116,116,"NR",null,254,0.45669291338582679,31]
["2007-09-10","2007-10-11","Thu",4,1,222,133,532,"HI",null,254,0.52362204724409445,31]
["2007-09-11","2007-10-12","Fri",6,2,252,106,636,"HI",null,254,0.41732283464566927,31]
["2007-09-12","2007-10-13","Sat",3,1,252,134,402,"HI",null,254,0.52755905511811019,31]
["2007-09-12","2007-10-13","Sat",3,1,252,116,348,"HI",null,254,0.45669291338582679,31]
["2007-09-13","2007-10-14","Sun",5,1,260,151,755,"HI",null,260,0.58076923076923082,31]
["2007-09-17","2007-10-18","Thu",4,1,254,125,500,"HI",null,254,0.49212598425196852,31]
["2007-09-19","2007-10-20","Sat",3,1,"",156,468,"NP",null,254,0.61417322834645671,31]
["2007-09-19","2007-10-20","Sat",3,1,"",147,441,"NP",null,254,0.57874015748031493,31]
["2007-09-24","2007-10-25","Thu",3,1,236,160,480,"HI",null,254,0.62992125984251968,31]
["2007-09-24","2007-10-25","Thu",3,1,236,125,375,"HI",null,254,0.49212598425196852,31]
["2007-09-24","2007-10-25","Thu",3,1,236,112,336,"HI",null,254,0.44094488188976377,31]
["2007-09-24","2007-10-25","Thu",3,1,236,112,336,"HI",null,254,0.44094488188976377,31]
["2007-09-24","2007-10-25","Thu",3,1,236,103,309,"HI",null,254,0.40551181102362205,{"$f":"B1410-A1410","v":31}]
["2007-09-28","2007-10-29","Mon",3,1,254,112,336,"HI",null,254,{"$f":"G1411/K1411","v":0.44094488188976377},31]
["2007-09-01","2007-10-03","Wed",4,1,248,106,424,"HI",null,254,0.41732283464566927,32]
["2007-09-05","2007-10-07","Sun",1,1,256,143,143,"HI",null,256,0.55859375,32]
["2007-09-05","2007-10-07","Sun",1,1,256,134,134,"HI",null,256,0.5234375,32]
["2007-09-07","2007-10-09","Tue",1,1,308,123,123,"HI",null,308,0.39935064935064934,32]
["2007-09-09","2007-10-11","Thu",4,1,222,133,532,"HI",null,254,0.52362204724409445,32]
["2007-09-12","2007-10-14","Sun",5,1,284,165,825,"HI",null,284,0.58098591549295775,32]
["2007-09-18","2007-10-20","Sat",6,1,"",169,1014,"NP","Y",254,0.66535433070866146,32]
["2007-09-18","2007-10-20","Sat",6,1,"",156,936,"NP",null,254,0.61417322834645671,32]
["2007-09-18","2007-10-20","Sat",5,1,"",143,715,"NP",null,254,0.56299212598425197,32]
["2007-09-17","2007-10-19","Fri",3,1,331,147,441,"HI",null,331,0.44410876132930516,32]
["2007-09-18","2007-10-20","Sat",3,1,"",147,441,"NP",null,254,0.57874015748031493,32]
["2007-09-24","2007-10-26","Fri",3,1,120,112,336,"HI","Y",254,0.44094488188976377,32]
["2007-09-01","2007-10-04","Thu",2,1,248,134,268,"HI",null,254,0.52755905511811019,33]
["2007-09-02","2007-10-05","Fri",1,1,195,99,99,"HI",null,254,0.38976377952755903,33]
["2007-09-04","2007-10-07","Sun",4,1,260,169,676,"HI",null,260,0.65,33]
["2007-09-04","2007-10-07","Sun",4,1,260,160,640,"HI",null,260,0.61538461538461542,33]
["2007-09-08","2007-10-11","Thu",4,1,222,124,496,"HI",null,254,0.48818897637795278,33]
["2007-09-09","2007-10-12","Fri",6,2,252,99,594,"HI",null,254,0.38976377952755903,33]
["2007-09-11","2007-10-14","Sun",5,1,260,147,735,"HI",null,260,0.56538461538461537,33]
["2007-09-12","2007-10-15","Mon",3,1,308,151,453,"HI",null,308,0.49025974025974028,33]
["2007-09-18","2007-10-21","Sun",2,2,"",125,250,"NP","Y",254,0.49212598425196852,33]
["2007-09-17","2007-10-20","Sat",3,1,"",138,414,"NP",null,254,0.54330708661417326,33]
["2007-09-18","2007-10-21","Sun",2,1,"",204,408,"NP",null,254,0.80314960629921262,33]
["2007-09-18","2007-10-21","Sun",2,1,"",200,400,"NP",null,254,0.78740157480314965,33]
["2007-09-18","2007-10-21","Sun",2,1,"",160,320,"NP",null,254,0.62992125984251968,33]
["2007-09-02","2007-10-06","Sat",3,1,252,182,546,"HI","Y",254,0.71653543307086609,34]
["2007-09-04","2007-10-08","Mon",1,2,256,151,151,"HI",null,256,0.58984375,34]
["2007-09-08","2007-10-12","Fri",3,1,219,123,369,"HI","Y",254,0.48425196850393698,34]
["2007-09-10","2007-10-14","Sun",5,1,260,129,645,"HI",null,260,0.49615384615384617,34]
["2007-09-16","2007-10-20","Sat",3,1,"",138,414,"NP",null,254,0.54330708661417326,34]
["2007-09-17","2007-10-21","Sun",1,1,331,165,165,"HI",null,331,0.49848942598187312,34]
["2007-09-20","2007-10-24","Wed",4,1,254,107,428,"HI","Y",254,0.42125984251968501,34]
["2007-09-22","2007-10-26","Fri",4,1,236,134,536,"HI",null,254,0.52755905511811019,34]
["2007-09-29","2007-11-02","Fri",6,1,254,125,750,"HI",null,254,0.49212598425196852,34]
["2007-09-01","2007-10-06","Sat",3,1,250,165,495,"HI",null,254,0.64960629921259838,35]
["2007-09-07","2007-10-12","Fri",6,2,252,99,594,"HI",null,254,0.38976377952755903,35]
["2007-09-09","2007-10-14","Sun",5,1,260,151,755,"HI",null,260,0.58076923076923082,35]
["2007-09-10","2007-10-15","Mon",3,1,308,147,441,"HI",null,308,0.47727272727272729,35]
["2007-09-12","2007-10-17","Wed",2,2,331,187,374,"HI","Y",331,0.56495468277945615,35]
["2007-09-13","2007-10-18","Thu",2,2,256,187,374,"HI","Y",256,0.73046875,35]
["2007-09-13","2007-10-18","Thu",2,2,256,169,338,"HI",null,256,0.66015625,35]
["2007-09-13","2007-10-18","Thu",2,2,256,160,320,"HI",null,256,0.625,35]
["2007-09-13","2007-10-18","Thu",2,2,256,143,286,"HI",null,256,0.55859375,35]
["2007-09-13","2007-10-18","Thu",3,1,256,143,429,"HI","Y",256,0.55859375,35]
["2007-09-13","2007-10-18","Thu",2,2,256,125,250,"HI",null,256,0.48828125,35]
["2007-09-13","2007-10-18","Thu",2,2,256,112,224,"HI",null,256,0.4375,35]
["2007-09-15","2007-10-20","Sat",2,1,248,160,320,"HI","Y",254,0.62992125984251968,35]
["2007-09-18","2007-10-23","Tue",2,1,"",195,390,"NR",null,254,0.76771653543307083,35]
["2007-09-21","2007-10-26","Fri",4,1,236,129,516,"HI",null,254,0.50787401574803148,35]
["2007-09-11","2007-10-17","Wed",2,1,308,165,330,"HI",null,308,0.5357142857142857,36]
["2007-09-12","2007-10-18","Thu",2,1,256,138,276,"HI",null,256,0.5390625,36]
["2007-09-13","2007-10-19","Fri",4,1,"",125,500,"NP",null,254,0.49212598425196852,36]
["2007-09-13","2007-10-19","Fri",4,1,"",116,464,"NP",null,254,0.45669291338582679,36]
["2007-09-13","2007-10-19","Fri",4,1,"",107,428,"NP",null,254,0.42125984251968501,36]
["2007-09-13","2007-10-19","Fri",4,1,"",107,428,"NP",null,254,0.42125984251968501,36]
["2007-09-13","2007-10-19","Fri",4,1,"",99,396,"NP",null,254,0.38976377952755903,36]
["2007-09-20","2007-10-26","Fri",4,1,236,121,484,"HI",null,254,0.4763779527559055,36]
["2007-08-31","2007-10-07","Sun",4,1,260,151,604,"HI",null,260,0.58076923076923082,37]
["2007-08-31","2007-10-07","Sun",4,1,260,143,572,"HI",null,260,0.55000000000000004,37]
["2007-08-31","2007-10-07","Sun",4,1,260,125,500,"HI",null,260,0.48076923076923078,37]
["2007-08-31","2007-10-07","Sun",4,1,260,112,448,"HI",null,260,0.43076923076923079,37]
["2007-09-02","2007-10-09","Tue",1,1,308,113,113,"HI",null,308,0.36688311688311687,37]
["2007-09-05","2007-10-12","Fri",3,1,219,113,339,"HI",null,254,0.44488188976377951,{"$f":"B1474-A1474","v":37}]
["2007-09-07","2007-10-14","Sun",5,1,260,129,645,"HI",null,260,{"$f":"G1475/K1475","v":0.49615384615384617},37]
["2007-09-08","2007-10-15","Mon",1,1,256,121,121,"HI",null,256,0.47265625,37]
["2007-09-10","2007-10-17","Wed",4,1,308,187,748,"HI",null,308,0.6071428571428571,37]
["2007-09-17","2007-10-24","Wed",5,2,254,129,645,"HI",null,254,0.50787401574803148,37]
["2007-09-17","2007-10-24","Wed",2,1,254,121,242,"HI",null,254,0.4763779527559055,37]
["2007-09-27","2007-11-03","Sat",4,1,254,134,536,"HI","Y",254,0.52755905511811019,37]
["2007-08-31","2007-10-08","Mon",2,1,260,113,226,"HI",null,260,0.43461538461538463,38]
["2007-08-31","2007-10-08","Mon",2,1,260,103,206,"HI",null,260,0.39615384615384613,38]
["2007-09-10","2007-10-18","Thu",2,2,256,129,258,"HI",null,256,0.50390625,38]
["2007-09-12","2007-10-20","Sat",6,1,"",103,618,"NP",null,254,0.40551181102362205,38]
["2007-09-18","2007-10-26","Fri",4,1,225,116,464,"HI",null,254,0.45669291338582679,38]
["2007-09-05","2007-10-14","Sun",5,1,260,125,625,"HI",null,260,0.48076923076923078,39]
["2007-09-07","2007-10-16","Tue",4,1,"",134,536,"NR","Y",254,0.52755905511811019,39]
["2007-09-11","2007-10-20","Sat",5,1,"",178,890,"NP",null,254,0.70078740157480313,39]
["2007-09-17","2007-10-26","Fri",4,1,225,107,428,"HI",null,254,0.42125984251968501,39]
["2007-09-17","2007-10-26","Fri",3,1,221,107,321,"HI","Y",254,0.42125984251968501,39]
["2007-09-03","2007-10-13","Sat",3,1,250,99,297,"HI",null,254,0.38976377952755903,40]
["2007-09-12","2007-10-22","Mon",3,1,"",107,321,"NR",null,254,0.42125984251968501,40]
["2007-09-07","2007-10-18","Thu",3,1,256,143,429,"HI","Y",256,0.55859375,41]
["2007-09-07","2007-10-18","Thu",4,1,256,143,572,"HI",null,256,0.55859375,41]
["2007-09-07","2007-10-18","Thu",2,2,256,121,242,"HI",null,256,0.47265625,41]
["2007-09-11","2007-10-22","Mon",6,1,"",169,1014,"NR","Y",254,0.66535433070866146,41]
["2007-09-11","2007-10-22","Mon",4,1,"",134,536,"NR",null,254,0.52755905511811019,41]
["2007-09-18","2007-10-29","Mon",4,1,254,112,448,"HI",null,254,0.44094488188976377,41]
["2007-09-27","2007-11-07","Wed",4,1,254,178,712,"HI","Y",254,0.70078740157480313,41]
["2007-09-27","2007-11-07","Wed",4,1,254,160,640,"HI",null,254,0.62992125984251968,41]
["2007-09-27","2007-11-07","Wed",4,1,254,143,572,"HI",null,254,0.56299212598425197,41]
["2007-09-10","2007-10-22","Mon",2,1,"",143,286,"NR",null,254,0.56299212598425197,42]
["2007-09-26","2007-11-07","Wed",4,1,254,115,460,"HI",null,254,0.452755905511811,42]
["2007-09-01","2007-10-14","Sun",5,1,260,172,860,"HI",null,260,0.66153846153846152,43]
["2007-09-05","2007-10-18","Thu",1,1,308,178,178,"HI","Y",308,0.57792207792207795,43]
["2007-09-05","2007-10-18","Thu",1,1,308,125,125,"HI",null,308,0.40584415584415584,43]
["2007-09-07","2007-10-20","Sat",5,1,"",165,825,"NP",null,254,0.64960629921259838,43]
["2007-09-07","2007-10-20","Sat",3,1,"",134,402,"NP",null,254,0.52755905511811019,43]
["2007-08-31","2007-10-14","Sun",5,1,256,165,825,"HI",null,256,0.64453125,44]
["2007-09-02","2007-10-16","Tue",1,1,308,213,213,"HI",null,308,0.69155844155844159,44]
["2007-09-10","2007-10-24","Wed",2,1,256,107,214,"HI",null,256,0.41796875,44]
["2007-09-11","2007-10-25","Thu",1,1,256,112,112,"HI",null,256,0.4375,44]
["2007-09-11","2007-10-25","Thu",3,1,221,103,309,"HI",null,254,0.40551181102362205,44]
["2007-09-13","2007-10-27","Sat",4,1,230,121,484,"HI","Y",254,0.4763779527559055,44]
["2007-09-29","2007-11-12","Mon",2,1,254,107,214,"HI",null,254,0.42125984251968501,44]
["2007-09-29","2007-11-12","Mon",2,1,254,99,198,"HI",null,254,0.38976377952755903,44]
["2007-09-02","2007-10-17","Wed",2,1,308,134,268,"HI",null,308,0.43506493506493504,45]
["2007-09-07","2007-10-22","Mon",6,1,"",149,894,"NR",null,254,0.58661417322834641,45]
["2007-09-07","2007-10-22","Mon",6,1,"",180,1080,"NR","Y",254,0.70866141732283461,45]
["2007-09-07","2007-10-22","Mon",6,1,"",165,990,"NR",null,254,0.64960629921259838,45]
["2007-09-02","2007-10-18","Thu",4,1,308,144,576,"HI",null,308,0.46753246753246752,46]
["2007-09-02","2007-10-18","Thu",4,1,308,135,540,"HI",null,308,0.43831168831168832,46]
["2007-09-08","2007-10-24","Wed",2,1,"",103,206,"NP",null,254,0.40551181102362205,46]
["2007-09-10","2007-10-26","Fri",4,1,222,160,640,"HI","Y",254,0.62992125984251968,46]
["2007-09-05","2007-10-22","Mon",6,1,"",139,834,"NR",null,254,0.547244094488189,47]
["2007-09-28","2007-11-14","Wed",2,1,213,143,286,"HI","Y",254,0.56299212598425197,47]
["2007-09-26","2007-11-12","Mon",3,1,254,110,330,"HI",null,254,0.43307086614173229,47]
["2007-09-27","2007-11-13","Tue",6,1,197,114,684,"HI",null,254,0.44881889763779526,47]
["2007-09-04","2007-10-22","Mon",1,1,"",142,142,"NR",null,254,0.55905511811023623,48]
["2007-09-04","2007-10-22","Mon",6,1,"",138,828,"NR",null,254,0.54330708661417326,48]
["2007-09-04","2007-10-22","Mon",6,1,"",132,792,"NR",null,254,0.51968503937007871,48]
["2007-09-22","2007-11-09","Fri",3,1,120,103,309,"HI",null,254,0.40551181102362205,48]
["2007-09-03","2007-10-22","Mon",6,1,"",134,804,"NR",null,254,0.52755905511811019,49]
["2007-09-07","2007-10-26","Fri",4,1,222,134,536,"HI",null,254,0.52755905511811019,49]
["2007-09-05","2007-10-25","Thu",5,1,204,107,535,"HI",null,254,0.42125984251968501,50]
["2007-08-31","2007-10-21","Sun",3,1,"",266,798,"NP",null,287.10000000000002,0.92650644374782298,51]
["2007-09-05","2007-10-26","Fri",4,1,222,112,448,"HI",null,254,0.44094488188976377,51]
["2007-08-31","2007-10-22","Mon",6,1,"",125,750,"NR",null,254,0.49212598425196852,{"$f":"B1538-A1538","v":52}]
["2007-08-31","2007-10-22","Mon",6,1,"",123,738,"NR",null,254,{"$f":"G1539/K1539","v":0.48425196850393698},52]
["2007-09-03","2007-10-26","Fri",4,1,222,103,412,"HI",null,254,0.40551181102362205,53]
["2007-09-19","2007-11-11","Sun",1,1,213,99,99,"HI",null,254,0.38976377952755903,53]
["2007-08-31","2007-10-26","Fri",2,1,180,143,286,"HI","Y",254,0.56299212598425197,56]
["2007-09-05","2007-11-05","Mon",1,1,"",143,143,"NP",null,254,0.56299212598425197,61]
["2007-09-05","2007-11-05","Mon",1,1,"",121,121,"NP",null,254,0.4763779527559055,61]
["2007-09-12","2007-11-12","Mon",1,1,"",103,103,"NP",null,254,0.40551181102362205,61]
["2007-09-08","2007-11-09","Fri",6,1,"",113,678,"NP",null,254,0.44488188976377951,62]
["2007-09-09","2007-11-10","Sat",1,1,"",106,106,"NP",null,254,0.41732283464566927,62]
["2007-09-24","2007-11-25","Sun",1,1,120,99,99,"HI",null,254,0.38976377952755903,62]
["2007-09-16","2007-11-18","Sun",2,1,120,114,228,"HI","Y",254,0.44881889763779526,63]
["2007-09-08","2007-11-11","Sun",2,2,"",116,232,"NP","Y",254,0.45669291338582679,64]
["2007-09-27","2007-11-30","Fri",1,2,120,98,98,"HI",null,254,0.38582677165354329,64]
["2007-09-22","2007-11-27","Tue",2,1,155,125,250,"HI","Y",254,0.49212598425196852,66]
["2007-09-21","2007-11-28","Wed",4,1,155,121,484,"HI",null,254,0.4763779527559055,68]
["2007-09-27","2007-12-12","Wed",3,1,155,116,348,"HI",null,254,0.45669291338582679,76]
["2007-09-12","2007-11-28","Wed",4,1,"",121,484,"NP","Y",254,0.4763779527559055,77]
["2007-09-20","2007-12-06","Thu",4,1,175,107,428,"HI",null,254,0.42125984251968501,77]
["2007-09-20","2007-12-06","Thu",4,1,175,103,412,"HI",null,254,0.40551181102362205,77]
["2007-09-27","2007-12-13","Thu",3,1,155,99,297,"HI",null,254,0.38976377952755903,77]
["2007-09-07","2007-11-28","Wed",5,1,"",131,655,"NP",null,254,0.51574803149606296,82]
["2007-09-05","2007-11-29","Thu",4,1,"",107,428,"NP",null,254,0.42125984251968501,85]
["2007-09-21","2007-12-29","Sat",3,1,120,107,321,"HI",null,254,0.42125984251968501,99]
["2007-09-20","2007-12-29","Sat",3,1,120,107,321,"HI",null,254,0.42125984251968501,100]
["2007-09-15","2007-12-26","Wed",3,1,120,107,321,"HI","Y",254,0.42125984251968501,102]
["2007-09-13","2007-12-26","Wed",2,1,120,103,206,"HI",null,254,0.40551181102362205,104]
["2007-09-13","2007-12-28","Fri",4,1,130,121,484,"HI","Y",254,0.4763779527559055,106]
["2007-09-07","2007-12-26","Wed",2,1,120,103,206,"HI",null,254,0.40551181102362205,110]
["2007-09-12","2008-03-21","Fri",5,2,"",112,560,"NP",null,254,0.44094488188976377,191]
["2007-09-10","2008-03-21","Fri",5,2,"",99,495,"N",null,254,0.38976377952755903,193]
["2007-09-16","2008-04-12","Sat",4,1,"",129,516,"NR",null,254,0.50787401574803148,209]
["2007-09-27","2008-05-16","Fri",3,1,308,143,429,"HI",null,308,0.4642857142857143,232]
["2007-09-26","2008-05-16","Fri",2,2,308,213,426,"HI","Y",308,0.69155844155844159,233]
["2007-09-19","2008-05-15","Thu",3,1,308,112,336,"HI","Y",308,0.36363636363636365,239]
["2007-09-03","2008-05-08","Thu",4,2,"",116,464,"NP",null,254,0.45669291338582679,248]
["2007-09-11","2008-07-03","Thu",5,1,"",121,605,"NP",null,254,0.4763779527559055,296]

{"sheet":"Data Summary","index":1,"n_rows":12,"n_cols":16,"rows_kept":12,"cut":false,"hidden":false,"merged":[]}
["Check in Day of Week","Fri"]
[]
["Count of Offer Price","DBA"]
["Check in Date",0,1,2,3,4,5,6,7,8,9,10,11,12,13,14]
["2007-08-31",1]
["2007-09-07",11,null,4,3,1]
["2007-09-14",4,3,1,2,2,3,4,1,null,1,3,1,1,1]
["2007-09-21",2,8,4,3,4,1,null,null,1,null,null,null,1,null,3]
["2007-09-28",6,5,3,null,2,null,2,3,2,null,2,null,1,1]
["2007-10-05",null,null,null,null,null,null,1,1,4,1,null,3,null,3]
["2007-10-12",null,null,null,null,null,null,null,null,null,null,null,null,null,1,2]
["Grand Total",24,16,12,8,9,4,7,5,7,2,5,4,3,6,5]

{"sheet":"Model","index":2,"n_rows":47,"n_cols":17,"rows_kept":47,"cut":false,"hidden":false,"merged":[[2,2,2,16],[35,2,35,16]]}
[]
["ARRIVAL PARAMETERS"]
[null,null,"DBA"]
[null,null,0,1,2,3,4,5,6,7,8,9,10,11,12,13,14]
["#Observations",null,{"$f":"COUNT('Data Summary'!B5:B1000)-1","v":5},{"$f":"COUNT('Data Summary'!C5:C1000)-1","v":3},{"$f":"COUNT('Data Summary'!D5:D1000)-1","v":4},{"$f":"COUNT('Data Summary'!E5:E1000)-1","v":3},{"$f":"COUNT('Data Summary'!F5:F1000)-1","v":4},{"$f":"COUNT('Data Summary'!G5:G1000)-1","v":2},{"$f":"COUNT('Data Summary'!H5:H1000)-1","v":3},{"$f":"COUNT('Data Summary'!I5:I1000)-1","v":3},{"$f":"COUNT('Data Summary'!J5:J1000)-1","v":3},{"$f":"COUNT('Data Summary'!K5:K1000)-1","v":2},{"$f":"COUNT('Data Summary'!L5:L1000)-1","v":2},{"$f":"COUNT('Data Summary'!M5:M1000)-1","v":2},{"$f":"COUNT('Data Summary'!N5:N1000)-1","v":3},{"$f":"COUNT('Data Summary'!O5:O1000)-1","v":4},{"$f":"COUNT('Data Summary'!P5:P1000)-1","v":2}]
["# Requests",null,{"$f":"MAX('Data Summary'!B5:B10000)","v":24},{"$f":"MAX('Data Summary'!C5:C10000)","v":16},{"$f":"MAX('Data Summary'!D5:D10000)","v":12},{"$f":"MAX('Data Summary'!E5:E10000)","v":8},{"$f":"MAX('Data Summary'!F5:F10000)","v":9},{"$f":"MAX('Data Summary'!G5:G10000)","v":4},{"$f":"MAX('Data Summary'!H5:H10000)","v":7},{"$f":"MAX('Data Summary'!I5:I10000)","v":5},{"$f":"MAX('Data Summary'!J5:J10000)","v":7},{"$f":"MAX('Data Summary'!K5:K10000)","v":2},{"$f":"MAX('Data Summary'!L5:L10000)","v":5},{"$f":"MAX('Data Summary'!M5:M10000)","v":4},{"$f":"MAX('Data Summary'!N5:N10000)","v":3},{"$f":"MAX('Data Summary'!O5:O10000)","v":6},{"$f":"MAX('Data Summary'!P5:P10000)","v":5}]
[]
["DISCOUNT DISTRIBUTION PARAMETERS"]
["Min",{"$f":"MIN(Data!L:L)","v":0.23844282238442821}]
["Max",{"$f":"MAX(Data!L:L)","v":0.92851592851592857}]
[null,null,null,null,null,null,null,null,null,null,null,null,null,"ALPHA",null,{"$f":"B24*(B24*(1-B24)/B25-1)","v":6.4187721588413158}]
[null,{"$f":"B9","v":0.23844282238442821},{"$f":"FREQUENCY(Data!L:L,Model!B12:B22)","v":1},{"$f":"EXP(GAMMALN(alpha+beta))/EXP(GAMMALN(alpha))/EXP(GAMMALN(beta))*(B12/2)^(alpha-1)*(1-B12)^(beta-1)","v":1.2039796814084541E-2},null,null,null,null,null,null,null,null,null,"BETA",null,{"$f":"(1-B24)*(B24*(1-B24)/B25-1)","v":6.5018683490335789}]
[null,{"$f":"B12+($B$10-$B$9)/10","v":0.30745013299757828},46,{"$f":"EXP(GAMMALN(alpha+beta))/EXP(GAMMALN(alpha))/EXP(GAMMALN(beta))*((B12+B13)/2)^(alpha-1)*(1-B13)^(beta-1)","v":0.63520993491557276}]
[null,{"$f":"B13+($B$10-$B$9)/10","v":0.3764574436107283},107,1.2093669163193561]
[null,0.44546475422387832,536,1.7175451241879034]
[null,0.51447206483702834,340,1.9171590312092217]
[null,0.58347937545017836,244,1.7080088703376233]
[null,0.65248668606332838,115,1.1976696917842946]
[null,0.7214939966764784,55,0.62882186718001276]
[null,0.79050130728962842,56,0.22052667342723223]
[null,0.85950861790277844,28,3.9289824665071353E-2]
[null,0.92851592851592846,44,1.4752101359146873E-3]
[]
["Mean",{"$f":"AVERAGE(Data!L:L)","v":0.4967843625808791}]
["Variance",{"$f":"VAR(Data!L:L)","v":1.7958200955952408E-2}]
[]
[null,null,"  "]
[null,"NUMBER OF ROOMS TO RELAEASE ON PRICELINE"]
[null,10]
[]
[null,"MAXIMUM DBAs TO START PRICING ON PRICELINE"]
[null,14]
[]
[null,null,null,null,null,null,"OPTIMAL DISCOUNTS"]
[]
[null,null,"DBA"]
[null,"ROOMS",0,1,2,3,4,5,6,7,8,9,10,11,12,13,14]
[null,1,0.52,0.61,0.64,0.64,0.63,0.61,0.59,0.59,0.56999999999999995,0.56999999999999995,0.53,0.56999999999999995,0.55000000000000004,0.51,0.55000000000000004]
[null,2,0.48,0.56999999999999995,0.6,0.6,0.59,0.57999999999999996,0.55000000000000004,0.55000000000000004,0.53,0.53,0.5,0.53,0.51,0.48,0.51]
[null,3,0.45,0.54,0.56999999999999995,0.56999999999999995,0.56000000000000005,0.55000000000000004,0.53,0.52,0.51,0.51,0.47,0.5,0.49,0.46,0.48]
[null,4,0.42,0.51,0.54,0.55000000000000004,0.54,0.53,0.51,0.5,0.49,0.49,0.46,0.47,0.47,0.44,0.46]
[null,5,0.41,0.49,0.51,0.53,0.52,0.52,0.5,0.49,0.48,0.47,0.44,0.46,0.45,0.43,0.44]
[null,6,0.4,0.46,0.49,0.51,0.51,0.5,0.49,0.48,0.46,0.46,0.43,0.44,0.44,0.42,0.43]
[null,7,0.39,0.44,0.47,0.49,0.49,0.49,0.48,0.47,0.46,0.45,0.43,0.43,0.43,0.41,0.42]
[null,8,0.38,0.43,0.46,0.47,0.48,0.48,0.47,0.46,0.45,0.44,0.42,0.43,0.42,0.41,0.41]
[null,9,0.38,0.41,0.44,0.46,0.47,0.47,0.46,0.45,0.44,0.44,0.42,0.42,0.42,0.41,0.41]
[null,10,0.38,0.4,0.43,0.45,0.46,0.46,0.45,0.45,0.44,0.43,0.41,0.42,0.41,0.4,0.4]